<?xml version="1.0" encoding="UTF-8"?>
<collection xmlns="http://www.loc.gov/MARC21/slim">
<record>
  <controlfield tag="001">2262244</controlfield>
  <controlfield tag="005">20230704135414.0</controlfield>
  <datafield tag="024" ind1="8" ind2=" ">
    <subfield code="a">oai:cds.cern.ch:2262244</subfield>
    <subfield code="p">cerncds:FULLTEXT</subfield>
  </datafield>
  <datafield tag="037" ind1=" " ind2=" ">
    <subfield code="a">CERN-PHOTO-201705-117</subfield>
  </datafield>
  <datafield tag="100" ind1=" " ind2=" ">
    <subfield code="0">AUTHOR|(CDS)2070299</subfield>
    <subfield code="0">AUTHOR|(SzGeCERN)582709</subfield>
    <subfield code="a">Brice, Maximilien</subfield>
    <subfield code="m">Maximilien.Brice@cern.ch</subfield>
    <subfield code="u">CERN</subfield>
  </datafield>
  <datafield tag="245" ind1=" " ind2=" ">
    <subfield code="a">MEDICIS robot isotope production for medical research</subfield>
  </datafield>
  <datafield tag="260" ind1=" " ind2=" ">
    <subfield code="c">2017</subfield>
  </datafield>
  <datafield tag="269" ind1=" " ind2=" ">
    <subfield code="a">Geneva</subfield>
    <subfield code="b">CERN</subfield>
    <subfield code="c">2017-05-04</subfield>
  </datafield>
  <datafield tag="500" ind1=" " ind2=" ">
    <subfield code="a">General Photo</subfield>
  </datafield>
  <datafield tag="506" ind1=" " ind2=" ">
    <subfield code="a">public</subfield>
  </datafield>
  <datafield tag="520" ind1=" " ind2=" ">
    <subfield code="a">MEDICIS robot isotope production for medical research</subfield>
  </datafield>
  <datafield tag="540" ind1=" " ind2=" ">
    <subfield code="a">CC-BY-4.0</subfield>
  </datafield>
  <datafield tag="542" ind1=" " ind2=" ">
    <subfield code="d">CERN</subfield>
    <subfield code="g">2017</subfield>
  </datafield>
  <datafield tag="595" ind1=" " ind2=" ">
    <subfield code="a">CERN EDS</subfield>
    <subfield code="s">PHOTOLAB</subfield>
  </datafield>
  <datafield tag="595" ind1=" " ind2=" ">
    <subfield code="a">Press</subfield>
    <subfield code="s">Press Photos</subfield>
  </datafield>
  <datafield tag="595" ind1=" " ind2=" ">
    <subfield code="a">Press</subfield>
    <subfield code="s">Other experiment</subfield>
  </datafield>
  <datafield tag="650" ind1="1" ind2="7">
    <subfield code="2">SzGeCERN</subfield>
    <subfield code="a">Photolab</subfield>
  </datafield>
  <datafield tag="650" ind1="2" ind2="7">
    <subfield code="2">SzGeCERN</subfield>
    <subfield code="a">Accelerators</subfield>
  </datafield>
  <datafield tag="653" ind1="1" ind2=" ">
    <subfield code="9">CERN</subfield>
    <subfield code="a">MEDICIS</subfield>
  </datafield>
  <datafield tag="653" ind1="1" ind2=" ">
    <subfield code="9">CERN</subfield>
    <subfield code="a">Accelerators</subfield>
  </datafield>
  <datafield tag="653" ind1="1" ind2=" ">
    <subfield code="9">CERN</subfield>
    <subfield code="a">360</subfield>
  </datafield>
  <datafield tag="653" ind1="1" ind2=" ">
    <subfield code="9">CERN</subfield>
    <subfield code="a">Knowledge Transfer &amp; Technology</subfield>
  </datafield>
  <datafield tag="690" ind1="C" ind2=" ">
    <subfield code="a">CERN</subfield>
  </datafield>
  <datafield tag="690" ind1="C" ind2=" ">
    <subfield code="a">PHOTO</subfield>
  </datafield>
  <datafield tag="856" ind1="4" ind2=" ">
    <subfield code="8">1310575</subfield>
    <subfield code="s">13588186</subfield>
    <subfield code="u">http://cds.cern.ch/record/2262244/files/_1_DSC1292.jpg</subfield>
  </datafield>
  <datafield tag="856" ind1="4" ind2=" ">
    <subfield code="8">1310576</subfield>
    <subfield code="s">11986640</subfield>
    <subfield code="u">http://cds.cern.ch/record/2262244/files/_DSC1218.jpg</subfield>
  </datafield>
  <datafield tag="856" ind1="4" ind2=" ">
    <subfield code="8">1310577</subfield>
    <subfield code="s">12292547</subfield>
    <subfield code="u">http://cds.cern.ch/record/2262244/files/_DSC1231.jpg</subfield>
  </datafield>
  <datafield tag="856" ind1="4" ind2=" ">
    <subfield code="8">1310578</subfield>
    <subfield code="s">12442272</subfield>
    <subfield code="u">http://cds.cern.ch/record/2262244/files/_DSC1235.jpg</subfield>
  </datafield>
  <datafield tag="856" ind1="4" ind2=" ">
    <subfield code="8">1310579</subfield>
    <subfield code="s">12982570</subfield>
    <subfield code="u">http://cds.cern.ch/record/2262244/files/_DSC1237.jpg</subfield>
  </datafield>
  <datafield tag="856" ind1="4" ind2=" ">
    <subfield code="8">1310580</subfield>
    <subfield code="s">12987575</subfield>
    <subfield code="u">http://cds.cern.ch/record/2262244/files/_DSC1249.jpg</subfield>
  </datafield>
  <datafield tag="856" ind1="4" ind2=" ">
    <subfield code="8">1310581</subfield>
    <subfield code="s">11195212</subfield>
    <subfield code="u">http://cds.cern.ch/record/2262244/files/_DSC1293.jpg</subfield>
  </datafield>
  <datafield tag="856" ind1="4" ind2=" ">
    <subfield code="8">1310582</subfield>
    <subfield code="s">13135231</subfield>
    <subfield code="u">http://cds.cern.ch/record/2262244/files/_DSC1303.jpg</subfield>
  </datafield>
  <datafield tag="856" ind1="4" ind2=" ">
    <subfield code="8">1310583</subfield>
    <subfield code="s">11816605</subfield>
    <subfield code="u">http://cds.cern.ch/record/2262244/files/_DSC1314.jpg</subfield>
  </datafield>
  <datafield tag="856" ind1="4" ind2=" ">
    <subfield code="8">1310584</subfield>
    <subfield code="s">13308570</subfield>
    <subfield code="u">http://cds.cern.ch/record/2262244/files/_DSC1325.jpg</subfield>
  </datafield>
  <datafield tag="856" ind1="4" ind2=" ">
    <subfield code="8">1310585</subfield>
    <subfield code="s">12984044</subfield>
    <subfield code="u">http://cds.cern.ch/record/2262244/files/_DSC1326.jpg</subfield>
  </datafield>
  <datafield tag="856" ind1="4" ind2=" ">
    <subfield code="8">1310586</subfield>
    <subfield code="s">13723442</subfield>
    <subfield code="u">http://cds.cern.ch/record/2262244/files/_DSC1339.jpg</subfield>
  </datafield>
  <datafield tag="856" ind1="4" ind2=" ">
    <subfield code="8">1310587</subfield>
    <subfield code="s">12452662</subfield>
    <subfield code="u">http://cds.cern.ch/record/2262244/files/_DSC1344.jpg</subfield>
  </datafield>
  <datafield tag="856" ind1="4" ind2=" ">
    <subfield code="8">1310588</subfield>
    <subfield code="s">12603979</subfield>
    <subfield code="u">http://cds.cern.ch/record/2262244/files/_DSC1347.jpg</subfield>
  </datafield>
  <datafield tag="856" ind1="4" ind2=" ">
    <subfield code="8">1310589</subfield>
    <subfield code="s">13558255</subfield>
    <subfield code="u">http://cds.cern.ch/record/2262244/files/_DSC1360.jpg</subfield>
  </datafield>
  <datafield tag="856" ind1="4" ind2=" ">
    <subfield code="8">1310590</subfield>
    <subfield code="s">14169605</subfield>
    <subfield code="u">http://cds.cern.ch/record/2262244/files/_DSC1364.jpg</subfield>
  </datafield>
  <datafield tag="856" ind1="4" ind2=" ">
    <subfield code="8">1310591</subfield>
    <subfield code="s">12230038</subfield>
    <subfield code="u">http://cds.cern.ch/record/2262244/files/_DSC1449.jpg</subfield>
  </datafield>
  <datafield tag="856" ind1="4" ind2=" ">
    <subfield code="8">1310592</subfield>
    <subfield code="s">14863328</subfield>
    <subfield code="u">http://cds.cern.ch/record/2262244/files/_DSC1458.jpg</subfield>
  </datafield>
  <datafield tag="856" ind1="4" ind2=" ">
    <subfield code="8">1310593</subfield>
    <subfield code="s">14321277</subfield>
    <subfield code="u">http://cds.cern.ch/record/2262244/files/_DSC1476.jpg</subfield>
  </datafield>
  <datafield tag="856" ind1="4" ind2=" ">
    <subfield code="8">1310594</subfield>
    <subfield code="s">15224309</subfield>
    <subfield code="u">http://cds.cern.ch/record/2262244/files/_DSC1494.jpg</subfield>
  </datafield>
  <datafield tag="856" ind1="4" ind2=" ">
    <subfield code="8">1310595</subfield>
    <subfield code="s">12635840</subfield>
    <subfield code="u">http://cds.cern.ch/record/2262244/files/_DSC1510.jpg</subfield>
  </datafield>
  <datafield tag="856" ind1="4" ind2=" ">
    <subfield code="8">1310596</subfield>
    <subfield code="s">70056085</subfield>
    <subfield code="u">http://cds.cern.ch/record/2262244/files/medicis2.jpg</subfield>
  </datafield>
  <datafield tag="856" ind1="4" ind2=" ">
    <subfield code="8">1310597</subfield>
    <subfield code="s">4625114</subfield>
    <subfield code="u">http://cds.cern.ch/record/2262244/files/medicis.swf</subfield>
  </datafield>
  <datafield tag="856" ind1="4" ind2=" ">
    <subfield code="8">1310575</subfield>
    <subfield code="s">200085</subfield>
    <subfield code="u">http://cds.cern.ch/record/2262244/files/_1_DSC1292.jpg?subformat=icon-640</subfield>
    <subfield code="x">icon-640</subfield>
  </datafield>
  <datafield tag="856" ind1="4" ind2=" ">
    <subfield code="8">1310575</subfield>
    <subfield code="s">39057</subfield>
    <subfield code="u">http://cds.cern.ch/record/2262244/files/_1_DSC1292.jpg?subformat=icon-180</subfield>
    <subfield code="x">icon-180</subfield>
  </datafield>
  <datafield tag="856" ind1="4" ind2=" ">
    <subfield code="8">1310575</subfield>
    <subfield code="s">771495</subfield>
    <subfield code="u">http://cds.cern.ch/record/2262244/files/_1_DSC1292.jpg?subformat=icon-1440</subfield>
    <subfield code="x">icon-1440</subfield>
  </datafield>
  <datafield tag="856" ind1="4" ind2=" ">
    <subfield code="8">1310576</subfield>
    <subfield code="s">187744</subfield>
    <subfield code="u">http://cds.cern.ch/record/2262244/files/_DSC1218.jpg?subformat=icon-640</subfield>
    <subfield code="x">icon-640</subfield>
  </datafield>
  <datafield tag="856" ind1="4" ind2=" ">
    <subfield code="8">1310576</subfield>
    <subfield code="s">30567</subfield>
    <subfield code="u">http://cds.cern.ch/record/2262244/files/_DSC1218.jpg?subformat=icon-180</subfield>
    <subfield code="x">icon-180</subfield>
  </datafield>
  <datafield tag="856" ind1="4" ind2=" ">
    <subfield code="8">1310576</subfield>
    <subfield code="s">710583</subfield>
    <subfield code="u">http://cds.cern.ch/record/2262244/files/_DSC1218.jpg?subformat=icon-1440</subfield>
    <subfield code="x">icon-1440</subfield>
  </datafield>
  <datafield tag="856" ind1="4" ind2=" ">
    <subfield code="8">1310577</subfield>
    <subfield code="s">209300</subfield>
    <subfield code="u">http://cds.cern.ch/record/2262244/files/_DSC1231.jpg?subformat=icon-640</subfield>
    <subfield code="x">icon-640</subfield>
  </datafield>
  <datafield tag="856" ind1="4" ind2=" ">
    <subfield code="8">1310577</subfield>
    <subfield code="s">33692</subfield>
    <subfield code="u">http://cds.cern.ch/record/2262244/files/_DSC1231.jpg?subformat=icon-180</subfield>
    <subfield code="x">icon-180</subfield>
  </datafield>
  <datafield tag="856" ind1="4" ind2=" ">
    <subfield code="8">1310577</subfield>
    <subfield code="s">799046</subfield>
    <subfield code="u">http://cds.cern.ch/record/2262244/files/_DSC1231.jpg?subformat=icon-1440</subfield>
    <subfield code="x">icon-1440</subfield>
  </datafield>
  <datafield tag="856" ind1="4" ind2=" ">
    <subfield code="8">1310578</subfield>
    <subfield code="s">210027</subfield>
    <subfield code="u">http://cds.cern.ch/record/2262244/files/_DSC1235.jpg?subformat=icon-640</subfield>
    <subfield code="x">icon-640</subfield>
  </datafield>
  <datafield tag="856" ind1="4" ind2=" ">
    <subfield code="8">1310578</subfield>
    <subfield code="s">33261</subfield>
    <subfield code="u">http://cds.cern.ch/record/2262244/files/_DSC1235.jpg?subformat=icon-180</subfield>
    <subfield code="x">icon-180</subfield>
  </datafield>
  <datafield tag="856" ind1="4" ind2=" ">
    <subfield code="8">1310578</subfield>
    <subfield code="s">813556</subfield>
    <subfield code="u">http://cds.cern.ch/record/2262244/files/_DSC1235.jpg?subformat=icon-1440</subfield>
    <subfield code="x">icon-1440</subfield>
  </datafield>
  <datafield tag="856" ind1="4" ind2=" ">
    <subfield code="8">1310579</subfield>
    <subfield code="s">178647</subfield>
    <subfield code="u">http://cds.cern.ch/record/2262244/files/_DSC1237.jpg?subformat=icon-640</subfield>
    <subfield code="x">icon-640</subfield>
  </datafield>
  <datafield tag="856" ind1="4" ind2=" ">
    <subfield code="8">1310579</subfield>
    <subfield code="s">31543</subfield>
    <subfield code="u">http://cds.cern.ch/record/2262244/files/_DSC1237.jpg?subformat=icon-180</subfield>
    <subfield code="x">icon-180</subfield>
  </datafield>
  <datafield tag="856" ind1="4" ind2=" ">
    <subfield code="8">1310579</subfield>
    <subfield code="s">731287</subfield>
    <subfield code="u">http://cds.cern.ch/record/2262244/files/_DSC1237.jpg?subformat=icon-1440</subfield>
    <subfield code="x">icon-1440</subfield>
  </datafield>
  <datafield tag="856" ind1="4" ind2=" ">
    <subfield code="8">1310580</subfield>
    <subfield code="s">199685</subfield>
    <subfield code="u">http://cds.cern.ch/record/2262244/files/_DSC1249.jpg?subformat=icon-640</subfield>
    <subfield code="x">icon-640</subfield>
  </datafield>
  <datafield tag="856" ind1="4" ind2=" ">
    <subfield code="8">1310580</subfield>
    <subfield code="s">32824</subfield>
    <subfield code="u">http://cds.cern.ch/record/2262244/files/_DSC1249.jpg?subformat=icon-180</subfield>
    <subfield code="x">icon-180</subfield>
  </datafield>
  <datafield tag="856" ind1="4" ind2=" ">
    <subfield code="8">1310580</subfield>
    <subfield code="s">771478</subfield>
    <subfield code="u">http://cds.cern.ch/record/2262244/files/_DSC1249.jpg?subformat=icon-1440</subfield>
    <subfield code="x">icon-1440</subfield>
  </datafield>
  <datafield tag="856" ind1="4" ind2=" ">
    <subfield code="8">1310581</subfield>
    <subfield code="s">191109</subfield>
    <subfield code="u">http://cds.cern.ch/record/2262244/files/_DSC1293.jpg?subformat=icon-640</subfield>
    <subfield code="x">icon-640</subfield>
  </datafield>
  <datafield tag="856" ind1="4" ind2=" ">
    <subfield code="8">1310581</subfield>
    <subfield code="s">35590</subfield>
    <subfield code="u">http://cds.cern.ch/record/2262244/files/_DSC1293.jpg?subformat=icon-180</subfield>
    <subfield code="x">icon-180</subfield>
  </datafield>
  <datafield tag="856" ind1="4" ind2=" ">
    <subfield code="8">1310581</subfield>
    <subfield code="s">715756</subfield>
    <subfield code="u">http://cds.cern.ch/record/2262244/files/_DSC1293.jpg?subformat=icon-1440</subfield>
    <subfield code="x">icon-1440</subfield>
  </datafield>
  <datafield tag="856" ind1="4" ind2=" ">
    <subfield code="8">1310582</subfield>
    <subfield code="s">207996</subfield>
    <subfield code="u">http://cds.cern.ch/record/2262244/files/_DSC1303.jpg?subformat=icon-640</subfield>
    <subfield code="x">icon-640</subfield>
  </datafield>
  <datafield tag="856" ind1="4" ind2=" ">
    <subfield code="8">1310582</subfield>
    <subfield code="s">41947</subfield>
    <subfield code="u">http://cds.cern.ch/record/2262244/files/_DSC1303.jpg?subformat=icon-180</subfield>
    <subfield code="x">icon-180</subfield>
  </datafield>
  <datafield tag="856" ind1="4" ind2=" ">
    <subfield code="8">1310582</subfield>
    <subfield code="s">721082</subfield>
    <subfield code="u">http://cds.cern.ch/record/2262244/files/_DSC1303.jpg?subformat=icon-1440</subfield>
    <subfield code="x">icon-1440</subfield>
  </datafield>
  <datafield tag="856" ind1="4" ind2=" ">
    <subfield code="8">1310583</subfield>
    <subfield code="s">216732</subfield>
    <subfield code="u">http://cds.cern.ch/record/2262244/files/_DSC1314.jpg?subformat=icon-640</subfield>
    <subfield code="x">icon-640</subfield>
  </datafield>
  <datafield tag="856" ind1="4" ind2=" ">
    <subfield code="8">1310583</subfield>
    <subfield code="s">37451</subfield>
    <subfield code="u">http://cds.cern.ch/record/2262244/files/_DSC1314.jpg?subformat=icon-180</subfield>
    <subfield code="x">icon-180</subfield>
  </datafield>
  <datafield tag="856" ind1="4" ind2=" ">
    <subfield code="8">1310583</subfield>
    <subfield code="s">781240</subfield>
    <subfield code="u">http://cds.cern.ch/record/2262244/files/_DSC1314.jpg?subformat=icon-1440</subfield>
    <subfield code="x">icon-1440</subfield>
  </datafield>
  <datafield tag="856" ind1="4" ind2=" ">
    <subfield code="8">1310584</subfield>
    <subfield code="s">223753</subfield>
    <subfield code="u">http://cds.cern.ch/record/2262244/files/_DSC1325.jpg?subformat=icon-640</subfield>
    <subfield code="x">icon-640</subfield>
  </datafield>
  <datafield tag="856" ind1="4" ind2=" ">
    <subfield code="8">1310584</subfield>
    <subfield code="s">40964</subfield>
    <subfield code="u">http://cds.cern.ch/record/2262244/files/_DSC1325.jpg?subformat=icon-180</subfield>
    <subfield code="x">icon-180</subfield>
  </datafield>
  <datafield tag="856" ind1="4" ind2=" ">
    <subfield code="8">1310584</subfield>
    <subfield code="s">799779</subfield>
    <subfield code="u">http://cds.cern.ch/record/2262244/files/_DSC1325.jpg?subformat=icon-1440</subfield>
    <subfield code="x">icon-1440</subfield>
  </datafield>
  <datafield tag="856" ind1="4" ind2=" ">
    <subfield code="8">1310585</subfield>
    <subfield code="s">198026</subfield>
    <subfield code="u">http://cds.cern.ch/record/2262244/files/_DSC1326.jpg?subformat=icon-640</subfield>
    <subfield code="x">icon-640</subfield>
  </datafield>
  <datafield tag="856" ind1="4" ind2=" ">
    <subfield code="8">1310585</subfield>
    <subfield code="s">33570</subfield>
    <subfield code="u">http://cds.cern.ch/record/2262244/files/_DSC1326.jpg?subformat=icon-180</subfield>
    <subfield code="x">icon-180</subfield>
  </datafield>
  <datafield tag="856" ind1="4" ind2=" ">
    <subfield code="8">1310585</subfield>
    <subfield code="s">710463</subfield>
    <subfield code="u">http://cds.cern.ch/record/2262244/files/_DSC1326.jpg?subformat=icon-1440</subfield>
    <subfield code="x">icon-1440</subfield>
  </datafield>
  <datafield tag="856" ind1="4" ind2=" ">
    <subfield code="8">1310586</subfield>
    <subfield code="s">212191</subfield>
    <subfield code="u">http://cds.cern.ch/record/2262244/files/_DSC1339.jpg?subformat=icon-640</subfield>
    <subfield code="x">icon-640</subfield>
  </datafield>
  <datafield tag="856" ind1="4" ind2=" ">
    <subfield code="8">1310586</subfield>
    <subfield code="s">34192</subfield>
    <subfield code="u">http://cds.cern.ch/record/2262244/files/_DSC1339.jpg?subformat=icon-180</subfield>
    <subfield code="x">icon-180</subfield>
  </datafield>
  <datafield tag="856" ind1="4" ind2=" ">
    <subfield code="8">1310586</subfield>
    <subfield code="s">792407</subfield>
    <subfield code="u">http://cds.cern.ch/record/2262244/files/_DSC1339.jpg?subformat=icon-1440</subfield>
    <subfield code="x">icon-1440</subfield>
  </datafield>
  <datafield tag="856" ind1="4" ind2=" ">
    <subfield code="8">1310587</subfield>
    <subfield code="s">193445</subfield>
    <subfield code="u">http://cds.cern.ch/record/2262244/files/_DSC1344.jpg?subformat=icon-640</subfield>
    <subfield code="x">icon-640</subfield>
  </datafield>
  <datafield tag="856" ind1="4" ind2=" ">
    <subfield code="8">1310587</subfield>
    <subfield code="s">31878</subfield>
    <subfield code="u">http://cds.cern.ch/record/2262244/files/_DSC1344.jpg?subformat=icon-180</subfield>
    <subfield code="x">icon-180</subfield>
  </datafield>
  <datafield tag="856" ind1="4" ind2=" ">
    <subfield code="8">1310587</subfield>
    <subfield code="s">723368</subfield>
    <subfield code="u">http://cds.cern.ch/record/2262244/files/_DSC1344.jpg?subformat=icon-1440</subfield>
    <subfield code="x">icon-1440</subfield>
  </datafield>
  <datafield tag="856" ind1="4" ind2=" ">
    <subfield code="8">1310588</subfield>
    <subfield code="s">191311</subfield>
    <subfield code="u">http://cds.cern.ch/record/2262244/files/_DSC1347.jpg?subformat=icon-640</subfield>
    <subfield code="x">icon-640</subfield>
  </datafield>
  <datafield tag="856" ind1="4" ind2=" ">
    <subfield code="8">1310588</subfield>
    <subfield code="s">30220</subfield>
    <subfield code="u">http://cds.cern.ch/record/2262244/files/_DSC1347.jpg?subformat=icon-180</subfield>
    <subfield code="x">icon-180</subfield>
  </datafield>
  <datafield tag="856" ind1="4" ind2=" ">
    <subfield code="8">1310588</subfield>
    <subfield code="s">724035</subfield>
    <subfield code="u">http://cds.cern.ch/record/2262244/files/_DSC1347.jpg?subformat=icon-1440</subfield>
    <subfield code="x">icon-1440</subfield>
  </datafield>
  <datafield tag="856" ind1="4" ind2=" ">
    <subfield code="8">1310589</subfield>
    <subfield code="s">1744343</subfield>
    <subfield code="u">http://cds.cern.ch/record/2262244/files/_DSC1360.jpg?subformat=icon-1440</subfield>
    <subfield code="x">icon-1440</subfield>
  </datafield>
  <datafield tag="856" ind1="4" ind2=" ">
    <subfield code="8">1310589</subfield>
    <subfield code="s">415893</subfield>
    <subfield code="u">http://cds.cern.ch/record/2262244/files/_DSC1360.jpg?subformat=icon-640</subfield>
    <subfield code="x">icon-640</subfield>
  </datafield>
  <datafield tag="856" ind1="4" ind2=" ">
    <subfield code="8">1310589</subfield>
    <subfield code="s">57599</subfield>
    <subfield code="u">http://cds.cern.ch/record/2262244/files/_DSC1360.jpg?subformat=icon-180</subfield>
    <subfield code="x">icon-180</subfield>
  </datafield>
  <datafield tag="856" ind1="4" ind2=" ">
    <subfield code="8">1310590</subfield>
    <subfield code="s">237403</subfield>
    <subfield code="u">http://cds.cern.ch/record/2262244/files/_DSC1364.jpg?subformat=icon-640</subfield>
    <subfield code="x">icon-640</subfield>
  </datafield>
  <datafield tag="856" ind1="4" ind2=" ">
    <subfield code="8">1310590</subfield>
    <subfield code="s">37229</subfield>
    <subfield code="u">http://cds.cern.ch/record/2262244/files/_DSC1364.jpg?subformat=icon-180</subfield>
    <subfield code="x">icon-180</subfield>
  </datafield>
  <datafield tag="856" ind1="4" ind2=" ">
    <subfield code="8">1310590</subfield>
    <subfield code="s">913912</subfield>
    <subfield code="u">http://cds.cern.ch/record/2262244/files/_DSC1364.jpg?subformat=icon-1440</subfield>
    <subfield code="x">icon-1440</subfield>
  </datafield>
  <datafield tag="856" ind1="4" ind2=" ">
    <subfield code="8">1310591</subfield>
    <subfield code="s">191766</subfield>
    <subfield code="u">http://cds.cern.ch/record/2262244/files/_DSC1449.jpg?subformat=icon-640</subfield>
    <subfield code="x">icon-640</subfield>
  </datafield>
  <datafield tag="856" ind1="4" ind2=" ">
    <subfield code="8">1310591</subfield>
    <subfield code="s">32302</subfield>
    <subfield code="u">http://cds.cern.ch/record/2262244/files/_DSC1449.jpg?subformat=icon-180</subfield>
    <subfield code="x">icon-180</subfield>
  </datafield>
  <datafield tag="856" ind1="4" ind2=" ">
    <subfield code="8">1310591</subfield>
    <subfield code="s">733279</subfield>
    <subfield code="u">http://cds.cern.ch/record/2262244/files/_DSC1449.jpg?subformat=icon-1440</subfield>
    <subfield code="x">icon-1440</subfield>
  </datafield>
  <datafield tag="856" ind1="4" ind2=" ">
    <subfield code="8">1310592</subfield>
    <subfield code="s">227591</subfield>
    <subfield code="u">http://cds.cern.ch/record/2262244/files/_DSC1458.jpg?subformat=icon-640</subfield>
    <subfield code="x">icon-640</subfield>
  </datafield>
  <datafield tag="856" ind1="4" ind2=" ">
    <subfield code="8">1310592</subfield>
    <subfield code="s">34720</subfield>
    <subfield code="u">http://cds.cern.ch/record/2262244/files/_DSC1458.jpg?subformat=icon-180</subfield>
    <subfield code="x">icon-180</subfield>
  </datafield>
  <datafield tag="856" ind1="4" ind2=" ">
    <subfield code="8">1310592</subfield>
    <subfield code="s">890080</subfield>
    <subfield code="u">http://cds.cern.ch/record/2262244/files/_DSC1458.jpg?subformat=icon-1440</subfield>
    <subfield code="x">icon-1440</subfield>
  </datafield>
  <datafield tag="856" ind1="4" ind2=" ">
    <subfield code="8">1310593</subfield>
    <subfield code="s">225212</subfield>
    <subfield code="u">http://cds.cern.ch/record/2262244/files/_DSC1476.jpg?subformat=icon-640</subfield>
    <subfield code="x">icon-640</subfield>
  </datafield>
  <datafield tag="856" ind1="4" ind2=" ">
    <subfield code="8">1310593</subfield>
    <subfield code="s">34845</subfield>
    <subfield code="u">http://cds.cern.ch/record/2262244/files/_DSC1476.jpg?subformat=icon-180</subfield>
    <subfield code="x">icon-180</subfield>
  </datafield>
  <datafield tag="856" ind1="4" ind2=" ">
    <subfield code="8">1310593</subfield>
    <subfield code="s">867796</subfield>
    <subfield code="u">http://cds.cern.ch/record/2262244/files/_DSC1476.jpg?subformat=icon-1440</subfield>
    <subfield code="x">icon-1440</subfield>
  </datafield>
  <datafield tag="856" ind1="4" ind2=" ">
    <subfield code="8">1310594</subfield>
    <subfield code="s">235166</subfield>
    <subfield code="u">http://cds.cern.ch/record/2262244/files/_DSC1494.jpg?subformat=icon-640</subfield>
    <subfield code="x">icon-640</subfield>
  </datafield>
  <datafield tag="856" ind1="4" ind2=" ">
    <subfield code="8">1310594</subfield>
    <subfield code="s">35076</subfield>
    <subfield code="u">http://cds.cern.ch/record/2262244/files/_DSC1494.jpg?subformat=icon-180</subfield>
    <subfield code="x">icon-180</subfield>
  </datafield>
  <datafield tag="856" ind1="4" ind2=" ">
    <subfield code="8">1310594</subfield>
    <subfield code="s">913883</subfield>
    <subfield code="u">http://cds.cern.ch/record/2262244/files/_DSC1494.jpg?subformat=icon-1440</subfield>
    <subfield code="x">icon-1440</subfield>
  </datafield>
  <datafield tag="856" ind1="4" ind2=" ">
    <subfield code="8">1310595</subfield>
    <subfield code="s">211978</subfield>
    <subfield code="u">http://cds.cern.ch/record/2262244/files/_DSC1510.jpg?subformat=icon-640</subfield>
    <subfield code="x">icon-640</subfield>
  </datafield>
  <datafield tag="856" ind1="4" ind2=" ">
    <subfield code="8">1310595</subfield>
    <subfield code="s">32978</subfield>
    <subfield code="u">http://cds.cern.ch/record/2262244/files/_DSC1510.jpg?subformat=icon-180</subfield>
    <subfield code="x">icon-180</subfield>
  </datafield>
  <datafield tag="856" ind1="4" ind2=" ">
    <subfield code="8">1310595</subfield>
    <subfield code="s">819059</subfield>
    <subfield code="u">http://cds.cern.ch/record/2262244/files/_DSC1510.jpg?subformat=icon-1440</subfield>
    <subfield code="x">icon-1440</subfield>
  </datafield>
  <datafield tag="856" ind1="4" ind2=" ">
    <subfield code="8">1310596</subfield>
    <subfield code="s">1116044</subfield>
    <subfield code="u">http://cds.cern.ch/record/2262244/files/medicis2.jpg?subformat=icon-1440</subfield>
    <subfield code="x">icon-1440</subfield>
  </datafield>
  <datafield tag="856" ind1="4" ind2=" ">
    <subfield code="8">1310596</subfield>
    <subfield code="s">226660</subfield>
    <subfield code="u">http://cds.cern.ch/record/2262244/files/medicis2.jpg?subformat=icon-640</subfield>
    <subfield code="x">icon-640</subfield>
  </datafield>
  <datafield tag="856" ind1="4" ind2=" ">
    <subfield code="8">1310596</subfield>
    <subfield code="s">22853</subfield>
    <subfield code="u">http://cds.cern.ch/record/2262244/files/medicis2.jpg?subformat=icon-180</subfield>
    <subfield code="x">icon-180</subfield>
  </datafield>
  <datafield tag="856" ind1="4" ind2=" ">
    <subfield code="8">1310598</subfield>
    <subfield code="s">152636483</subfield>
    <subfield code="u">http://cds.cern.ch/record/2262244/files/Produce medicis 1.mp4</subfield>
  </datafield>
  <datafield tag="859" ind1=" " ind2=" ">
    <subfield code="f">maximilien.brice@cern.ch</subfield>
  </datafield>
  <datafield tag="859" ind1=" " ind2=" ">
    <subfield code="f">Paola.Catapano@cern.ch</subfield>
  </datafield>
  <datafield tag="916" ind1=" " ind2=" ">
    <subfield code="s">n</subfield>
    <subfield code="w">201718</subfield>
  </datafield>
  <datafield tag="923" ind1=" " ind2=" ">
    <subfield code="p">CERN</subfield>
    <subfield code="r">Paola Catapano &lt;Paola.Catapano@cern.ch></subfield>
  </datafield>
  <datafield tag="960" ind1=" " ind2=" ">
    <subfield code="a">86</subfield>
  </datafield>
  <datafield tag="963" ind1=" " ind2=" ">
    <subfield code="a">PUBLIC</subfield>
  </datafield>
  <datafield tag="963" ind1=" " ind2=" ">
    <subfield code="b">VISIBLE</subfield>
  </datafield>
  <datafield tag="980" ind1=" " ind2=" ">
    <subfield code="a">PHOTOLABCERN</subfield>
  </datafield>
</record>
<record>
  <controlfield tag="001">2288144</controlfield>
  <controlfield tag="005">20171211170949.0</controlfield>
  <datafield tag="037" ind1=" " ind2=" ">
    <subfield code="a">CERN-MOVIE-2017-034-001</subfield>
  </datafield>
  <datafield tag="041" ind1=" " ind2=" ">
    <subfield code="a">eng</subfield>
  </datafield>
  <datafield tag="245" ind1=" " ind2=" ">
    <subfield code="a">The arm of MEDICIS</subfield>
  </datafield>
  <datafield tag="260" ind1=" " ind2=" ">
    <subfield code="c">2017</subfield>
  </datafield>
  <datafield tag="269" ind1=" " ind2=" ">
    <subfield code="c">2017-10-11</subfield>
  </datafield>
  <datafield tag="300" ind1=" " ind2=" ">
    <subfield code="a">00:00:59.960</subfield>
    <subfield code="b">3840x2160 16/9, 25.00</subfield>
    <subfield code="c">25</subfield>
    <subfield code="d">3840x2160</subfield>
    <subfield code="e">16:9</subfield>
  </datafield>
  <datafield tag="506" ind1="1" ind2=" ">
    <subfield code="a"></subfield>
  </datafield>
  <datafield tag="508" ind1=" " ind2=" ">
    <subfield code="a">Christoph Madsen</subfield>
  </datafield>
  <datafield tag="520" ind1=" " ind2=" ">
    <subfield code="a">A new project called CERN MEDICIS aims to produce novel isotopes as diagnostic agents and treatments for brain and pancreatic cancers</subfield>
  </datafield>
  <datafield tag="542" ind1=" " ind2=" ">
    <subfield code="d">CERN</subfield>
    <subfield code="g">2017</subfield>
  </datafield>
  <datafield tag="595" ind1=" " ind2=" ">
    <subfield code="a">Press</subfield>
    <subfield code="s">Press Videos</subfield>
  </datafield>
  <datafield tag="595" ind1=" " ind2=" ">
    <subfield code="a">Press</subfield>
    <subfield code="s">run2</subfield>
  </datafield>
  <datafield tag="595" ind1=" " ind2=" ">
    <subfield code="a">Press</subfield>
    <subfield code="s">B-Roll Footage</subfield>
  </datafield>
  <datafield tag="595" ind1=" " ind2=" ">
    <subfield code="a">Press</subfield>
    <subfield code="s">LHC experiments</subfield>
  </datafield>
  <datafield tag="653" ind1="1" ind2=" ">
    <subfield code="a">MEDICIS</subfield>
    <subfield code="9">CERN</subfield>
  </datafield>
  <datafield tag="653" ind1="1" ind2=" ">
    <subfield code="a">medical</subfield>
    <subfield code="9">CERN</subfield>
  </datafield>
  <datafield tag="653" ind1="1" ind2=" ">
    <subfield code="a">treatement</subfield>
    <subfield code="9">CERN</subfield>
  </datafield>
  <datafield tag="653" ind1="1" ind2=" ">
    <subfield code="a">cancer</subfield>
    <subfield code="9">CERN</subfield>
  </datafield>
  <datafield tag="653" ind1="1" ind2=" ">
    <subfield code="a">isotopes</subfield>
    <subfield code="9">CERN</subfield>
  </datafield>
  <datafield tag="653" ind1="1" ind2=" ">
    <subfield code="a">research</subfield>
    <subfield code="9">CERN</subfield>
  </datafield>
  <datafield tag="653" ind1="1" ind2=" ">
    <subfield code="a">arm</subfield>
    <subfield code="9">CERN</subfield>
  </datafield>
  <datafield tag="653" ind1="1" ind2=" ">
    <subfield code="a">robot</subfield>
    <subfield code="9">CERN</subfield>
  </datafield>
  <datafield tag="690" ind1="C" ind2=" ">
    <subfield code="a">publvideomovie</subfield>
  </datafield>
  <datafield tag="773" ind1=" " ind2=" ">
    <subfield code="o">AVW.project.3011</subfield>
    <subfield code="r">CERN-MOVIE-2017-034</subfield>
  </datafield>
  <datafield tag="856" ind1="7" ind2=" ">
    <subfield code="2">MediaArchive</subfield>
    <subfield code="d">\\cern.ch\dfs\Services\MediaArchive\Video\Masters\Movies\CERN\2017\CERN-MOVIE-2017-034\Final_Output\CERN-MOVIE-2017-034-001.mov</subfield>
    <subfield code="x">Absolute master path</subfield>
  </datafield>
  <datafield tag="856" ind1="7" ind2=" ">
    <subfield code="2">MediaArchive</subfield>
    <subfield code="u">https://mediaarchive.cern.ch/MediaArchive/Video/Public/Movies/CERN/2017/CERN-MOVIE-2017-034/CERN-MOVIE-2017-034-001/CERN-MOVIE-2017-034-001-5872-kbps-1920x1080-audio-128-kbps-stereo.mp4</subfield>
    <subfield code="x">mp45872</subfield>
    <subfield code="y">5872 kbps maxH 1080 25 fps audio 128 kbps 48 kHz stereo</subfield>
  </datafield>
  <datafield tag="856" ind1="7" ind2=" ">
    <subfield code="2">MediaArchive</subfield>
    <subfield code="u">https://mediaarchive.cern.ch/MediaArchive/Video/Public/Movies/CERN/2017/CERN-MOVIE-2017-034/CERN-MOVIE-2017-034-001/CERN-MOVIE-2017-034-001-2672-kbps-1280x720-audio-128-kbps-stereo.mp4</subfield>
    <subfield code="x">mp42672</subfield>
    <subfield code="y">2672 kbps maxH 720 25 fps audio 128 kbps 48 kHz stereo</subfield>
  </datafield>
  <datafield tag="856" ind1="7" ind2=" ">
    <subfield code="2">MediaArchive</subfield>
    <subfield code="u">https://mediaarchive.cern.ch/MediaArchive/Video/Public/Movies/CERN/2017/CERN-MOVIE-2017-034/CERN-MOVIE-2017-034-001/CERN-MOVIE-2017-034-001-1436-kbps-853x480-audio-64-kbps-stereo.mp4</subfield>
    <subfield code="x">mp41436</subfield>
    <subfield code="y">1436 kbps maxH 480 25 fps audio 64 kbps 48 kHz stereo</subfield>
  </datafield>
  <datafield tag="856" ind1="7" ind2=" ">
    <subfield code="2">MediaArchive</subfield>
    <subfield code="u">https://mediaarchive.cern.ch/MediaArchive/Video/Public/Movies/CERN/2017/CERN-MOVIE-2017-034/CERN-MOVIE-2017-034-001/CERN-MOVIE-2017-034-001-836-kbps-640x360-audio-64-kbps-stereo.mp4</subfield>
    <subfield code="x">mp40836</subfield>
    <subfield code="y">0836 kbps maxH 360 25 fps audio 64 kbps 48 kHz stereo</subfield>
  </datafield>
  <datafield tag="856" ind1="7" ind2=" ">
    <subfield code="2">MediaArchive</subfield>
    <subfield code="u">https://mediaarchive.cern.ch/MediaArchive/Video/Public/Movies/CERN/2017/CERN-MOVIE-2017-034/CERN-MOVIE-2017-034-001/CERN-MOVIE-2017-034-001-386-kbps-426x240-audio-64-kbps-stereo.mp4</subfield>
    <subfield code="x">mp40386</subfield>
    <subfield code="y">0386 kbps maxH 240 15 fps audio 64 kbps 48 kHz stereo</subfield>
  </datafield>
  <datafield tag="856" ind1="7" ind2=" ">
    <subfield code="2">MediaArchive</subfield>
    <subfield code="u">https://mediaarchive.cern.ch/MediaArchive/Video/Public/Movies/CERN/2017/CERN-MOVIE-2017-034/CERN-MOVIE-2017-034-001/CERN-MOVIE-2017-034-001-posterframe-640x360-at-5-percent.jpg</subfield>
    <subfield code="x">jpgposterframe</subfield>
    <subfield code="y">posterframe 640x360 at 5 percent</subfield>
  </datafield>
  <datafield tag="856" ind1="7" ind2=" ">
    <subfield code="2">MediaArchive</subfield>
    <subfield code="u">https://mediaarchive.cern.ch/MediaArchive/Video/Public/Movies/CERN/2017/CERN-MOVIE-2017-034/CERN-MOVIE-2017-034-001/CERN-MOVIE-2017-034-001-posterframe-640x360-at-15-percent.jpg</subfield>
    <subfield code="x">jpgposterframe</subfield>
    <subfield code="y">posterframe 640x360 at 15 percent</subfield>
  </datafield>
  <datafield tag="856" ind1="7" ind2=" ">
    <subfield code="2">MediaArchive</subfield>
    <subfield code="u">https://mediaarchive.cern.ch/MediaArchive/Video/Public/Movies/CERN/2017/CERN-MOVIE-2017-034/CERN-MOVIE-2017-034-001/CERN-MOVIE-2017-034-001-posterframe-640x360-at-25-percent.jpg</subfield>
    <subfield code="x">jpgposterframe</subfield>
    <subfield code="y">posterframe 640x360 at 25 percent</subfield>
  </datafield>
  <datafield tag="856" ind1="7" ind2=" ">
    <subfield code="2">MediaArchive</subfield>
    <subfield code="u">https://mediaarchive.cern.ch/MediaArchive/Video/Public/Movies/CERN/2017/CERN-MOVIE-2017-034/CERN-MOVIE-2017-034-001/CERN-MOVIE-2017-034-001-posterframe-640x360-at-35-percent.jpg</subfield>
    <subfield code="x">jpgposterframe</subfield>
    <subfield code="y">posterframe 640x360 at 35 percent</subfield>
  </datafield>
  <datafield tag="856" ind1="7" ind2=" ">
    <subfield code="2">MediaArchive</subfield>
    <subfield code="u">https://mediaarchive.cern.ch/MediaArchive/Video/Public/Movies/CERN/2017/CERN-MOVIE-2017-034/CERN-MOVIE-2017-034-001/CERN-MOVIE-2017-034-001-posterframe-640x360-at-45-percent.jpg</subfield>
    <subfield code="x">jpgposterframe</subfield>
    <subfield code="y">posterframe 640x360 at 45 percent</subfield>
  </datafield>
  <datafield tag="856" ind1="7" ind2=" ">
    <subfield code="2">MediaArchive</subfield>
    <subfield code="u">https://mediaarchive.cern.ch/MediaArchive/Video/Public/Movies/CERN/2017/CERN-MOVIE-2017-034/CERN-MOVIE-2017-034-001/CERN-MOVIE-2017-034-001-posterframe-640x360-at-55-percent.jpg</subfield>
    <subfield code="x">jpgposterframe</subfield>
    <subfield code="y">posterframe 640x360 at 55 percent</subfield>
  </datafield>
  <datafield tag="856" ind1="7" ind2=" ">
    <subfield code="2">MediaArchive</subfield>
    <subfield code="u">https://mediaarchive.cern.ch/MediaArchive/Video/Public/Movies/CERN/2017/CERN-MOVIE-2017-034/CERN-MOVIE-2017-034-001/CERN-MOVIE-2017-034-001-posterframe-640x360-at-65-percent.jpg</subfield>
    <subfield code="x">jpgposterframe</subfield>
    <subfield code="y">posterframe 640x360 at 65 percent</subfield>
  </datafield>
  <datafield tag="856" ind1="7" ind2=" ">
    <subfield code="2">MediaArchive</subfield>
    <subfield code="u">https://mediaarchive.cern.ch/MediaArchive/Video/Public/Movies/CERN/2017/CERN-MOVIE-2017-034/CERN-MOVIE-2017-034-001/CERN-MOVIE-2017-034-001-posterframe-640x360-at-75-percent.jpg</subfield>
    <subfield code="x">jpgposterframe</subfield>
    <subfield code="y">posterframe 640x360 at 75 percent</subfield>
  </datafield>
  <datafield tag="856" ind1="7" ind2=" ">
    <subfield code="2">MediaArchive</subfield>
    <subfield code="u">https://mediaarchive.cern.ch/MediaArchive/Video/Public/Movies/CERN/2017/CERN-MOVIE-2017-034/CERN-MOVIE-2017-034-001/CERN-MOVIE-2017-034-001-posterframe-640x360-at-85-percent.jpg</subfield>
    <subfield code="x">jpgposterframe</subfield>
    <subfield code="y">posterframe 640x360 at 85 percent</subfield>
  </datafield>
  <datafield tag="856" ind1="7" ind2=" ">
    <subfield code="2">MediaArchive</subfield>
    <subfield code="u">https://mediaarchive.cern.ch/MediaArchive/Video/Public/Movies/CERN/2017/CERN-MOVIE-2017-034/CERN-MOVIE-2017-034-001/CERN-MOVIE-2017-034-001-posterframe-640x360-at-95-percent.jpg</subfield>
    <subfield code="x">jpgposterframe</subfield>
    <subfield code="y">posterframe 640x360 at 95 percent</subfield>
  </datafield>
  <datafield tag="856" ind1="7" ind2=" ">
    <subfield code="2">MediaArchive</subfield>
    <subfield code="u">https://mediaarchive.cern.ch/MediaArchive/Video/Public/Movies/CERN/2017/CERN-MOVIE-2017-034/CERN-MOVIE-2017-034-001/proxy-CERN-MOVIE-2017-034-001-posterframe-640x360-at-5-percent.jpg</subfield>
    <subfield code="x">jpgproxy-posterframe</subfield>
    <subfield code="y">proxy-posterframe 640x360 at 5 percent</subfield>
  </datafield>
  <datafield tag="856" ind1="7" ind2=" ">
    <subfield code="2">MediaArchive</subfield>
    <subfield code="u">https://mediaarchive.cern.ch/MediaArchive/Video/Public/Movies/CERN/2017/CERN-MOVIE-2017-034/CERN-MOVIE-2017-034-001/CERN-MOVIE-2017-034-001-thumbnail-180x101-at-5-percent.jpg</subfield>
    <subfield code="x">jpgthumbnail</subfield>
    <subfield code="y">thumbnail 180x101 at 5 percent</subfield>
  </datafield>
  <datafield tag="856" ind1="7" ind2=" ">
    <subfield code="2">MediaArchive</subfield>
    <subfield code="u">https://mediaarchive.cern.ch/MediaArchive/Video/Public/Movies/CERN/2017/CERN-MOVIE-2017-034/CERN-MOVIE-2017-034-001/CERN-MOVIE-2017-034-001-thumbnail-180x101-at-15-percent.jpg</subfield>
    <subfield code="x">jpgthumbnail</subfield>
    <subfield code="y">thumbnail 180x101 at 15 percent</subfield>
  </datafield>
  <datafield tag="856" ind1="7" ind2=" ">
    <subfield code="2">MediaArchive</subfield>
    <subfield code="u">https://mediaarchive.cern.ch/MediaArchive/Video/Public/Movies/CERN/2017/CERN-MOVIE-2017-034/CERN-MOVIE-2017-034-001/CERN-MOVIE-2017-034-001-thumbnail-180x101-at-25-percent.jpg</subfield>
    <subfield code="x">jpgthumbnail</subfield>
    <subfield code="y">thumbnail 180x101 at 25 percent</subfield>
  </datafield>
  <datafield tag="856" ind1="7" ind2=" ">
    <subfield code="2">MediaArchive</subfield>
    <subfield code="u">https://mediaarchive.cern.ch/MediaArchive/Video/Public/Movies/CERN/2017/CERN-MOVIE-2017-034/CERN-MOVIE-2017-034-001/CERN-MOVIE-2017-034-001-thumbnail-180x101-at-35-percent.jpg</subfield>
    <subfield code="x">jpgthumbnail</subfield>
    <subfield code="y">thumbnail 180x101 at 35 percent</subfield>
  </datafield>
  <datafield tag="856" ind1="7" ind2=" ">
    <subfield code="2">MediaArchive</subfield>
    <subfield code="u">https://mediaarchive.cern.ch/MediaArchive/Video/Public/Movies/CERN/2017/CERN-MOVIE-2017-034/CERN-MOVIE-2017-034-001/CERN-MOVIE-2017-034-001-thumbnail-180x101-at-45-percent.jpg</subfield>
    <subfield code="x">jpgthumbnail</subfield>
    <subfield code="y">thumbnail 180x101 at 45 percent</subfield>
  </datafield>
  <datafield tag="856" ind1="7" ind2=" ">
    <subfield code="2">MediaArchive</subfield>
    <subfield code="u">https://mediaarchive.cern.ch/MediaArchive/Video/Public/Movies/CERN/2017/CERN-MOVIE-2017-034/CERN-MOVIE-2017-034-001/CERN-MOVIE-2017-034-001-thumbnail-180x101-at-55-percent.jpg</subfield>
    <subfield code="x">jpgthumbnail</subfield>
    <subfield code="y">thumbnail 180x101 at 55 percent</subfield>
  </datafield>
  <datafield tag="856" ind1="7" ind2=" ">
    <subfield code="2">MediaArchive</subfield>
    <subfield code="u">https://mediaarchive.cern.ch/MediaArchive/Video/Public/Movies/CERN/2017/CERN-MOVIE-2017-034/CERN-MOVIE-2017-034-001/CERN-MOVIE-2017-034-001-thumbnail-180x101-at-65-percent.jpg</subfield>
    <subfield code="x">jpgthumbnail</subfield>
    <subfield code="y">thumbnail 180x101 at 65 percent</subfield>
  </datafield>
  <datafield tag="856" ind1="7" ind2=" ">
    <subfield code="2">MediaArchive</subfield>
    <subfield code="u">https://mediaarchive.cern.ch/MediaArchive/Video/Public/Movies/CERN/2017/CERN-MOVIE-2017-034/CERN-MOVIE-2017-034-001/CERN-MOVIE-2017-034-001-thumbnail-180x101-at-75-percent.jpg</subfield>
    <subfield code="x">jpgthumbnail</subfield>
    <subfield code="y">thumbnail 180x101 at 75 percent</subfield>
  </datafield>
  <datafield tag="856" ind1="7" ind2=" ">
    <subfield code="2">MediaArchive</subfield>
    <subfield code="u">https://mediaarchive.cern.ch/MediaArchive/Video/Public/Movies/CERN/2017/CERN-MOVIE-2017-034/CERN-MOVIE-2017-034-001/CERN-MOVIE-2017-034-001-thumbnail-180x101-at-85-percent.jpg</subfield>
    <subfield code="x">jpgthumbnail</subfield>
    <subfield code="y">thumbnail 180x101 at 85 percent</subfield>
  </datafield>
  <datafield tag="856" ind1="7" ind2=" ">
    <subfield code="2">MediaArchive</subfield>
    <subfield code="u">https://mediaarchive.cern.ch/MediaArchive/Video/Public/Movies/CERN/2017/CERN-MOVIE-2017-034/CERN-MOVIE-2017-034-001/CERN-MOVIE-2017-034-001-thumbnail-180x101-at-95-percent.jpg</subfield>
    <subfield code="x">jpgthumbnail</subfield>
    <subfield code="y">thumbnail 180x101 at 95 percent</subfield>
  </datafield>
  <datafield tag="859" ind1=" " ind2=" ">
    <subfield code="f">noemi.caraban.gonzalez@cern.ch</subfield>
  </datafield>
  <datafield tag="937" ind1=" " ind2=" ">
    <subfield code="c">2017-10-11</subfield>
    <subfield code="s">noemi.caraban.gonzalez@cern.ch</subfield>
  </datafield>
  <datafield tag="960" ind1=" " ind2=" ">
    <subfield code="a">85</subfield>
  </datafield>
  <datafield tag="970" ind1=" " ind2=" ">
    <subfield code="a">AVW.clip.3533</subfield>
  </datafield>
  <datafield tag="970" ind1=" " ind2=" ">
    <subfield code="d">https://videos.cern.ch/record/2288144</subfield>
  </datafield>
  <datafield tag="980" ind1=" " ind2=" ">
    <subfield code="a">PUBLVIDEOMOVIE</subfield>
  </datafield>
  <datafield tag="980" ind1=" " ind2=" ">
    <subfield code="b">VIDEOMEDIALAB</subfield>
  </datafield>
  <datafield tag="980" ind1=" " ind2=" ">
    <subfield code="c">MIGRATED</subfield>
  </datafield>
</record>
<record>
  <controlfield tag="001">2288590</controlfield>
  <controlfield tag="005">20171211170954.0</controlfield>
  <datafield tag="037" ind1=" " ind2=" ">
    <subfield code="a">CERN-FOOTAGE-2017-043-001</subfield>
  </datafield>
  <datafield tag="041" ind1=" " ind2=" ">
    <subfield code="a">silent</subfield>
  </datafield>
  <datafield tag="245" ind1=" " ind2=" ">
    <subfield code="a">Medical isotopes at PSI (Paul Scherrer Isnstitut) Footage 1</subfield>
  </datafield>
  <datafield tag="260" ind1=" " ind2=" ">
    <subfield code="c">2017</subfield>
  </datafield>
  <datafield tag="269" ind1=" " ind2=" ">
    <subfield code="c">2017-10-12</subfield>
  </datafield>
  <datafield tag="300" ind1=" " ind2=" ">
    <subfield code="a">00:03:39.200</subfield>
    <subfield code="b">4096x2160 256/135, 25.00</subfield>
    <subfield code="c">25</subfield>
    <subfield code="d">4096x2160</subfield>
    <subfield code="e">256:135</subfield>
  </datafield>
  <datafield tag="506" ind1="1" ind2=" ">
    <subfield code="a"></subfield>
  </datafield>
  <datafield tag="520" ind1=" " ind2=" ">
    <subfield code="a">Medical isotope extraction and quality control at PSI (Paul Scherrer Institut)</subfield>
  </datafield>
  <datafield tag="542" ind1=" " ind2=" ">
    <subfield code="d">CERN</subfield>
    <subfield code="g">2017</subfield>
  </datafield>
  <datafield tag="595" ind1=" " ind2=" ">
    <subfield code="a">Press</subfield>
    <subfield code="s">Press Videos</subfield>
  </datafield>
  <datafield tag="595" ind1=" " ind2=" ">
    <subfield code="a">Press</subfield>
    <subfield code="s">run2</subfield>
  </datafield>
  <datafield tag="595" ind1=" " ind2=" ">
    <subfield code="a">Press</subfield>
    <subfield code="s">B-Roll Footage</subfield>
  </datafield>
  <datafield tag="653" ind1="1" ind2=" ">
    <subfield code="a">PSI</subfield>
    <subfield code="9">CERN</subfield>
  </datafield>
  <datafield tag="653" ind1="1" ind2=" ">
    <subfield code="a">ISOLDE</subfield>
    <subfield code="9">CERN</subfield>
  </datafield>
  <datafield tag="653" ind1="1" ind2=" ">
    <subfield code="a">Medicis</subfield>
    <subfield code="9">CERN</subfield>
  </datafield>
  <datafield tag="653" ind1="1" ind2=" ">
    <subfield code="a">isotope</subfield>
    <subfield code="9">CERN</subfield>
  </datafield>
  <datafield tag="653" ind1="1" ind2=" ">
    <subfield code="a">medical isotopes</subfield>
    <subfield code="9">CERN</subfield>
  </datafield>
  <datafield tag="653" ind1="1" ind2=" ">
    <subfield code="a">medical applications</subfield>
    <subfield code="9">CERN</subfield>
  </datafield>
  <datafield tag="653" ind1="1" ind2=" ">
    <subfield code="a">chemical separation</subfield>
    <subfield code="9">CERN</subfield>
  </datafield>
  <datafield tag="653" ind1="1" ind2=" ">
    <subfield code="a">isotope extraction</subfield>
    <subfield code="9">CERN</subfield>
  </datafield>
  <datafield tag="653" ind1="1" ind2=" ">
    <subfield code="a">quality control</subfield>
    <subfield code="9">CERN</subfield>
  </datafield>
  <datafield tag="653" ind1="1" ind2=" ">
    <subfield code="a">Paul Scherrer Isnstitut</subfield>
    <subfield code="9">CERN</subfield>
  </datafield>
  <datafield tag="690" ind1="C" ind2=" ">
    <subfield code="a">publvideorush</subfield>
  </datafield>
  <datafield tag="773" ind1=" " ind2=" ">
    <subfield code="o">AVW.project.3012</subfield>
    <subfield code="r">CERN-FOOTAGE-2017-043</subfield>
  </datafield>
  <datafield tag="856" ind1="7" ind2=" ">
    <subfield code="2">MediaArchive</subfield>
    <subfield code="d">\\cern.ch\dfs\Services\MediaArchive\Video\Masters\Footage\CERN\2017\CERN-FOOTAGE-2017-043\Footage\CERN-FOOTAGE-2017-043-001.mov</subfield>
    <subfield code="x">Absolute master path</subfield>
  </datafield>
  <datafield tag="856" ind1="7" ind2=" ">
    <subfield code="2">MediaArchive</subfield>
    <subfield code="u">https://mediaarchive.cern.ch/MediaArchive/Video/Public/Footage/CERN/2017/CERN-FOOTAGE-2017-043/CERN-FOOTAGE-2017-043-001/CERN-FOOTAGE-2017-043-001-5872-kbps-2048x1080-audio-128-kbps-stereo.mp4</subfield>
    <subfield code="x">mp45872</subfield>
    <subfield code="y">5872 kbps maxH 1080 25 fps audio 128 kbps 48 kHz stereo</subfield>
  </datafield>
  <datafield tag="856" ind1="7" ind2=" ">
    <subfield code="2">MediaArchive</subfield>
    <subfield code="u">https://mediaarchive.cern.ch/MediaArchive/Video/Public/Footage/CERN/2017/CERN-FOOTAGE-2017-043/CERN-FOOTAGE-2017-043-001/CERN-FOOTAGE-2017-043-001-836-kbps-682x360-audio-64-kbps-stereo.mp4</subfield>
    <subfield code="x">mp40836</subfield>
    <subfield code="y">0836 kbps maxH 360 25 fps audio 64 kbps 48 kHz stereo</subfield>
  </datafield>
  <datafield tag="856" ind1="7" ind2=" ">
    <subfield code="2">MediaArchive</subfield>
    <subfield code="u">https://mediaarchive.cern.ch/MediaArchive/Video/Public/Footage/CERN/2017/CERN-FOOTAGE-2017-043/CERN-FOOTAGE-2017-043-001/CERN-FOOTAGE-2017-043-001-11872-kbps-4096x2160-audio-128-kbps-stereo.mp4</subfield>
    <subfield code="x">mp411872</subfield>
    <subfield code="y">11872 kbps maxH 2160 25 fps audio 128 kbps 48 kHz stereo</subfield>
  </datafield>
  <datafield tag="856" ind1="7" ind2=" ">
    <subfield code="2">MediaArchive</subfield>
    <subfield code="u">https://mediaarchive.cern.ch/MediaArchive/Video/Public/Footage/CERN/2017/CERN-FOOTAGE-2017-043/CERN-FOOTAGE-2017-043-001/CERN-FOOTAGE-2017-043-001-posterframe-683x360-at-5-percent.jpg</subfield>
    <subfield code="x">jpgposterframe</subfield>
    <subfield code="y">posterframe 683x360 at 5 percent</subfield>
  </datafield>
  <datafield tag="856" ind1="7" ind2=" ">
    <subfield code="2">MediaArchive</subfield>
    <subfield code="u">https://mediaarchive.cern.ch/MediaArchive/Video/Public/Footage/CERN/2017/CERN-FOOTAGE-2017-043/CERN-FOOTAGE-2017-043-001/CERN-FOOTAGE-2017-043-001-posterframe-683x360-at-15-percent.jpg</subfield>
    <subfield code="x">jpgposterframe</subfield>
    <subfield code="y">posterframe 683x360 at 15 percent</subfield>
  </datafield>
  <datafield tag="856" ind1="7" ind2=" ">
    <subfield code="2">MediaArchive</subfield>
    <subfield code="u">https://mediaarchive.cern.ch/MediaArchive/Video/Public/Footage/CERN/2017/CERN-FOOTAGE-2017-043/CERN-FOOTAGE-2017-043-001/CERN-FOOTAGE-2017-043-001-posterframe-683x360-at-25-percent.jpg</subfield>
    <subfield code="x">jpgposterframe</subfield>
    <subfield code="y">posterframe 683x360 at 25 percent</subfield>
  </datafield>
  <datafield tag="856" ind1="7" ind2=" ">
    <subfield code="2">MediaArchive</subfield>
    <subfield code="u">https://mediaarchive.cern.ch/MediaArchive/Video/Public/Footage/CERN/2017/CERN-FOOTAGE-2017-043/CERN-FOOTAGE-2017-043-001/CERN-FOOTAGE-2017-043-001-posterframe-683x360-at-35-percent.jpg</subfield>
    <subfield code="x">jpgposterframe</subfield>
    <subfield code="y">posterframe 683x360 at 35 percent</subfield>
  </datafield>
  <datafield tag="856" ind1="7" ind2=" ">
    <subfield code="2">MediaArchive</subfield>
    <subfield code="u">https://mediaarchive.cern.ch/MediaArchive/Video/Public/Footage/CERN/2017/CERN-FOOTAGE-2017-043/CERN-FOOTAGE-2017-043-001/CERN-FOOTAGE-2017-043-001-posterframe-683x360-at-45-percent.jpg</subfield>
    <subfield code="x">jpgposterframe</subfield>
    <subfield code="y">posterframe 683x360 at 45 percent</subfield>
  </datafield>
  <datafield tag="856" ind1="7" ind2=" ">
    <subfield code="2">MediaArchive</subfield>
    <subfield code="u">https://mediaarchive.cern.ch/MediaArchive/Video/Public/Footage/CERN/2017/CERN-FOOTAGE-2017-043/CERN-FOOTAGE-2017-043-001/CERN-FOOTAGE-2017-043-001-posterframe-683x360-at-55-percent.jpg</subfield>
    <subfield code="x">jpgposterframe</subfield>
    <subfield code="y">posterframe 683x360 at 55 percent</subfield>
  </datafield>
  <datafield tag="856" ind1="7" ind2=" ">
    <subfield code="2">MediaArchive</subfield>
    <subfield code="u">https://mediaarchive.cern.ch/MediaArchive/Video/Public/Footage/CERN/2017/CERN-FOOTAGE-2017-043/CERN-FOOTAGE-2017-043-001/CERN-FOOTAGE-2017-043-001-posterframe-683x360-at-65-percent.jpg</subfield>
    <subfield code="x">jpgposterframe</subfield>
    <subfield code="y">posterframe 683x360 at 65 percent</subfield>
  </datafield>
  <datafield tag="856" ind1="7" ind2=" ">
    <subfield code="2">MediaArchive</subfield>
    <subfield code="u">https://mediaarchive.cern.ch/MediaArchive/Video/Public/Footage/CERN/2017/CERN-FOOTAGE-2017-043/CERN-FOOTAGE-2017-043-001/CERN-FOOTAGE-2017-043-001-posterframe-683x360-at-75-percent.jpg</subfield>
    <subfield code="x">jpgposterframe</subfield>
    <subfield code="y">posterframe 683x360 at 75 percent</subfield>
  </datafield>
  <datafield tag="856" ind1="7" ind2=" ">
    <subfield code="2">MediaArchive</subfield>
    <subfield code="u">https://mediaarchive.cern.ch/MediaArchive/Video/Public/Footage/CERN/2017/CERN-FOOTAGE-2017-043/CERN-FOOTAGE-2017-043-001/CERN-FOOTAGE-2017-043-001-posterframe-683x360-at-85-percent.jpg</subfield>
    <subfield code="x">jpgposterframe</subfield>
    <subfield code="y">posterframe 683x360 at 85 percent</subfield>
  </datafield>
  <datafield tag="856" ind1="7" ind2=" ">
    <subfield code="2">MediaArchive</subfield>
    <subfield code="u">https://mediaarchive.cern.ch/MediaArchive/Video/Public/Footage/CERN/2017/CERN-FOOTAGE-2017-043/CERN-FOOTAGE-2017-043-001/CERN-FOOTAGE-2017-043-001-posterframe-683x360-at-95-percent.jpg</subfield>
    <subfield code="x">jpgposterframe</subfield>
    <subfield code="y">posterframe 683x360 at 95 percent</subfield>
  </datafield>
  <datafield tag="856" ind1="7" ind2=" ">
    <subfield code="2">MediaArchive</subfield>
    <subfield code="u">https://mediaarchive.cern.ch/MediaArchive/Video/Public/Footage/CERN/2017/CERN-FOOTAGE-2017-043/CERN-FOOTAGE-2017-043-001/proxy-CERN-FOOTAGE-2017-043-001-posterframe-683x360-at-5-percent.jpg</subfield>
    <subfield code="x">jpgproxy-posterframe</subfield>
    <subfield code="y">proxy-posterframe 683x360 at 5 percent</subfield>
  </datafield>
  <datafield tag="856" ind1="7" ind2=" ">
    <subfield code="2">MediaArchive</subfield>
    <subfield code="u">https://mediaarchive.cern.ch/MediaArchive/Video/Public/Footage/CERN/2017/CERN-FOOTAGE-2017-043/CERN-FOOTAGE-2017-043-001/CERN-FOOTAGE-2017-043-001-thumbnail-192x101-at-5-percent.jpg</subfield>
    <subfield code="x">jpgthumbnail</subfield>
    <subfield code="y">thumbnail 192x101 at 5 percent</subfield>
  </datafield>
  <datafield tag="856" ind1="7" ind2=" ">
    <subfield code="2">MediaArchive</subfield>
    <subfield code="u">https://mediaarchive.cern.ch/MediaArchive/Video/Public/Footage/CERN/2017/CERN-FOOTAGE-2017-043/CERN-FOOTAGE-2017-043-001/CERN-FOOTAGE-2017-043-001-thumbnail-192x101-at-15-percent.jpg</subfield>
    <subfield code="x">jpgthumbnail</subfield>
    <subfield code="y">thumbnail 192x101 at 15 percent</subfield>
  </datafield>
  <datafield tag="856" ind1="7" ind2=" ">
    <subfield code="2">MediaArchive</subfield>
    <subfield code="u">https://mediaarchive.cern.ch/MediaArchive/Video/Public/Footage/CERN/2017/CERN-FOOTAGE-2017-043/CERN-FOOTAGE-2017-043-001/CERN-FOOTAGE-2017-043-001-thumbnail-192x101-at-25-percent.jpg</subfield>
    <subfield code="x">jpgthumbnail</subfield>
    <subfield code="y">thumbnail 192x101 at 25 percent</subfield>
  </datafield>
  <datafield tag="856" ind1="7" ind2=" ">
    <subfield code="2">MediaArchive</subfield>
    <subfield code="u">https://mediaarchive.cern.ch/MediaArchive/Video/Public/Footage/CERN/2017/CERN-FOOTAGE-2017-043/CERN-FOOTAGE-2017-043-001/CERN-FOOTAGE-2017-043-001-thumbnail-192x101-at-35-percent.jpg</subfield>
    <subfield code="x">jpgthumbnail</subfield>
    <subfield code="y">thumbnail 192x101 at 35 percent</subfield>
  </datafield>
  <datafield tag="856" ind1="7" ind2=" ">
    <subfield code="2">MediaArchive</subfield>
    <subfield code="u">https://mediaarchive.cern.ch/MediaArchive/Video/Public/Footage/CERN/2017/CERN-FOOTAGE-2017-043/CERN-FOOTAGE-2017-043-001/CERN-FOOTAGE-2017-043-001-thumbnail-192x101-at-45-percent.jpg</subfield>
    <subfield code="x">jpgthumbnail</subfield>
    <subfield code="y">thumbnail 192x101 at 45 percent</subfield>
  </datafield>
  <datafield tag="856" ind1="7" ind2=" ">
    <subfield code="2">MediaArchive</subfield>
    <subfield code="u">https://mediaarchive.cern.ch/MediaArchive/Video/Public/Footage/CERN/2017/CERN-FOOTAGE-2017-043/CERN-FOOTAGE-2017-043-001/CERN-FOOTAGE-2017-043-001-thumbnail-192x101-at-55-percent.jpg</subfield>
    <subfield code="x">jpgthumbnail</subfield>
    <subfield code="y">thumbnail 192x101 at 55 percent</subfield>
  </datafield>
  <datafield tag="856" ind1="7" ind2=" ">
    <subfield code="2">MediaArchive</subfield>
    <subfield code="u">https://mediaarchive.cern.ch/MediaArchive/Video/Public/Footage/CERN/2017/CERN-FOOTAGE-2017-043/CERN-FOOTAGE-2017-043-001/CERN-FOOTAGE-2017-043-001-thumbnail-192x101-at-65-percent.jpg</subfield>
    <subfield code="x">jpgthumbnail</subfield>
    <subfield code="y">thumbnail 192x101 at 65 percent</subfield>
  </datafield>
  <datafield tag="856" ind1="7" ind2=" ">
    <subfield code="2">MediaArchive</subfield>
    <subfield code="u">https://mediaarchive.cern.ch/MediaArchive/Video/Public/Footage/CERN/2017/CERN-FOOTAGE-2017-043/CERN-FOOTAGE-2017-043-001/CERN-FOOTAGE-2017-043-001-thumbnail-192x101-at-75-percent.jpg</subfield>
    <subfield code="x">jpgthumbnail</subfield>
    <subfield code="y">thumbnail 192x101 at 75 percent</subfield>
  </datafield>
  <datafield tag="856" ind1="7" ind2=" ">
    <subfield code="2">MediaArchive</subfield>
    <subfield code="u">https://mediaarchive.cern.ch/MediaArchive/Video/Public/Footage/CERN/2017/CERN-FOOTAGE-2017-043/CERN-FOOTAGE-2017-043-001/CERN-FOOTAGE-2017-043-001-thumbnail-192x101-at-85-percent.jpg</subfield>
    <subfield code="x">jpgthumbnail</subfield>
    <subfield code="y">thumbnail 192x101 at 85 percent</subfield>
  </datafield>
  <datafield tag="856" ind1="7" ind2=" ">
    <subfield code="2">MediaArchive</subfield>
    <subfield code="u">https://mediaarchive.cern.ch/MediaArchive/Video/Public/Footage/CERN/2017/CERN-FOOTAGE-2017-043/CERN-FOOTAGE-2017-043-001/CERN-FOOTAGE-2017-043-001-thumbnail-192x101-at-95-percent.jpg</subfield>
    <subfield code="x">jpgthumbnail</subfield>
    <subfield code="y">thumbnail 192x101 at 95 percent</subfield>
  </datafield>
  <datafield tag="859" ind1=" " ind2=" ">
    <subfield code="f">christoph.martin.madsen@cern.ch</subfield>
  </datafield>
  <datafield tag="937" ind1=" " ind2=" ">
    <subfield code="c">2017-10-12</subfield>
    <subfield code="s">christoph.martin.madsen@cern.ch</subfield>
  </datafield>
  <datafield tag="960" ind1=" " ind2=" ">
    <subfield code="a">85</subfield>
  </datafield>
  <datafield tag="970" ind1=" " ind2=" ">
    <subfield code="a">AVW.clip.3535</subfield>
  </datafield>
  <datafield tag="970" ind1=" " ind2=" ">
    <subfield code="d">https://videos.cern.ch/record/2288590</subfield>
  </datafield>
  <datafield tag="980" ind1=" " ind2=" ">
    <subfield code="a">PUBLVIDEORUSH</subfield>
  </datafield>
  <datafield tag="980" ind1=" " ind2=" ">
    <subfield code="b">FOOTAGEMEDIALAB</subfield>
  </datafield>
  <datafield tag="980" ind1=" " ind2=" ">
    <subfield code="c">MIGRATED</subfield>
  </datafield>
</record>
<record>
  <controlfield tag="001">2288660</controlfield>
  <controlfield tag="005">20171211170955.0</controlfield>
  <datafield tag="037" ind1=" " ind2=" ">
    <subfield code="a">CERN-FOOTAGE-2017-043-002</subfield>
  </datafield>
  <datafield tag="041" ind1=" " ind2=" ">
    <subfield code="a">silent</subfield>
  </datafield>
  <datafield tag="245" ind1=" " ind2=" ">
    <subfield code="a">Medical isotopes at PSI (Paul Scherrer Isnstitut) Footage 2</subfield>
  </datafield>
  <datafield tag="260" ind1=" " ind2=" ">
    <subfield code="c">2017</subfield>
  </datafield>
  <datafield tag="269" ind1=" " ind2=" ">
    <subfield code="c">2017-10-12</subfield>
  </datafield>
  <datafield tag="300" ind1=" " ind2=" ">
    <subfield code="a">00:09:07.560</subfield>
    <subfield code="b">4096x2160 256/135, 25.00</subfield>
    <subfield code="c">25</subfield>
    <subfield code="d">4096x2160</subfield>
    <subfield code="e">256:135</subfield>
  </datafield>
  <datafield tag="506" ind1="1" ind2=" ">
    <subfield code="a"></subfield>
  </datafield>
  <datafield tag="520" ind1=" " ind2=" ">
    <subfield code="a">Medical isotope extraction and quality control at PSI (Paul Scherrer Institut)</subfield>
  </datafield>
  <datafield tag="542" ind1=" " ind2=" ">
    <subfield code="d">CERN</subfield>
    <subfield code="g">2017</subfield>
  </datafield>
  <datafield tag="595" ind1=" " ind2=" ">
    <subfield code="a">Press</subfield>
    <subfield code="s">Press Videos</subfield>
  </datafield>
  <datafield tag="595" ind1=" " ind2=" ">
    <subfield code="a">Press</subfield>
    <subfield code="s">run2</subfield>
  </datafield>
  <datafield tag="595" ind1=" " ind2=" ">
    <subfield code="a">Press</subfield>
    <subfield code="s">B-Roll Footage</subfield>
  </datafield>
  <datafield tag="653" ind1="1" ind2=" ">
    <subfield code="a">PSI</subfield>
    <subfield code="9">CERN</subfield>
  </datafield>
  <datafield tag="653" ind1="1" ind2=" ">
    <subfield code="a">ISOLDE</subfield>
    <subfield code="9">CERN</subfield>
  </datafield>
  <datafield tag="653" ind1="1" ind2=" ">
    <subfield code="a">Medicis</subfield>
    <subfield code="9">CERN</subfield>
  </datafield>
  <datafield tag="653" ind1="1" ind2=" ">
    <subfield code="a">isotope</subfield>
    <subfield code="9">CERN</subfield>
  </datafield>
  <datafield tag="653" ind1="1" ind2=" ">
    <subfield code="a">medical isotopes</subfield>
    <subfield code="9">CERN</subfield>
  </datafield>
  <datafield tag="653" ind1="1" ind2=" ">
    <subfield code="a">medical applications</subfield>
    <subfield code="9">CERN</subfield>
  </datafield>
  <datafield tag="653" ind1="1" ind2=" ">
    <subfield code="a">chemical separation</subfield>
    <subfield code="9">CERN</subfield>
  </datafield>
  <datafield tag="653" ind1="1" ind2=" ">
    <subfield code="a">isotope extraction</subfield>
    <subfield code="9">CERN</subfield>
  </datafield>
  <datafield tag="653" ind1="1" ind2=" ">
    <subfield code="a">quality control</subfield>
    <subfield code="9">CERN</subfield>
  </datafield>
  <datafield tag="690" ind1="C" ind2=" ">
    <subfield code="a">publvideorush</subfield>
  </datafield>
  <datafield tag="773" ind1=" " ind2=" ">
    <subfield code="o">AVW.project.3012</subfield>
    <subfield code="r">CERN-FOOTAGE-2017-043</subfield>
  </datafield>
  <datafield tag="856" ind1="7" ind2=" ">
    <subfield code="2">MediaArchive</subfield>
    <subfield code="d">\\cern.ch\dfs\Services\MediaArchive\Video\Masters\Footage\CERN\2017\CERN-FOOTAGE-2017-043\Footage\CERN-FOOTAGE-2017-043-002.mov</subfield>
    <subfield code="x">Absolute master path</subfield>
  </datafield>
  <datafield tag="856" ind1="7" ind2=" ">
    <subfield code="2">MediaArchive</subfield>
    <subfield code="u">https://mediaarchive.cern.ch/MediaArchive/Video/Public/Footage/CERN/2017/CERN-FOOTAGE-2017-043/CERN-FOOTAGE-2017-043-002/CERN-FOOTAGE-2017-043-002-5872-kbps-2048x1080-audio-128-kbps-stereo.mp4</subfield>
    <subfield code="x">mp45872</subfield>
    <subfield code="y">5872 kbps maxH 1080 25 fps audio 128 kbps 48 kHz stereo</subfield>
  </datafield>
  <datafield tag="856" ind1="7" ind2=" ">
    <subfield code="2">MediaArchive</subfield>
    <subfield code="u">https://mediaarchive.cern.ch/MediaArchive/Video/Public/Footage/CERN/2017/CERN-FOOTAGE-2017-043/CERN-FOOTAGE-2017-043-002/CERN-FOOTAGE-2017-043-002-836-kbps-682x360-audio-64-kbps-stereo.mp4</subfield>
    <subfield code="x">mp40836</subfield>
    <subfield code="y">0836 kbps maxH 360 25 fps audio 64 kbps 48 kHz stereo</subfield>
  </datafield>
  <datafield tag="856" ind1="7" ind2=" ">
    <subfield code="2">MediaArchive</subfield>
    <subfield code="u">https://mediaarchive.cern.ch/MediaArchive/Video/Public/Footage/CERN/2017/CERN-FOOTAGE-2017-043/CERN-FOOTAGE-2017-043-002/CERN-FOOTAGE-2017-043-002-11872-kbps-4096x2160-audio-128-kbps-stereo.mp4</subfield>
    <subfield code="x">mp411872</subfield>
    <subfield code="y">11872 kbps maxH 2160 25 fps audio 128 kbps 48 kHz stereo</subfield>
  </datafield>
  <datafield tag="856" ind1="7" ind2=" ">
    <subfield code="2">MediaArchive</subfield>
    <subfield code="u">https://mediaarchive.cern.ch/MediaArchive/Video/Public/Footage/CERN/2017/CERN-FOOTAGE-2017-043/CERN-FOOTAGE-2017-043-002/CERN-FOOTAGE-2017-043-002-posterframe-683x360-at-5-percent.jpg</subfield>
    <subfield code="x">jpgposterframe</subfield>
    <subfield code="y">posterframe 683x360 at 5 percent</subfield>
  </datafield>
  <datafield tag="856" ind1="7" ind2=" ">
    <subfield code="2">MediaArchive</subfield>
    <subfield code="u">https://mediaarchive.cern.ch/MediaArchive/Video/Public/Footage/CERN/2017/CERN-FOOTAGE-2017-043/CERN-FOOTAGE-2017-043-002/CERN-FOOTAGE-2017-043-002-posterframe-683x360-at-15-percent.jpg</subfield>
    <subfield code="x">jpgposterframe</subfield>
    <subfield code="y">posterframe 683x360 at 15 percent</subfield>
  </datafield>
  <datafield tag="856" ind1="7" ind2=" ">
    <subfield code="2">MediaArchive</subfield>
    <subfield code="u">https://mediaarchive.cern.ch/MediaArchive/Video/Public/Footage/CERN/2017/CERN-FOOTAGE-2017-043/CERN-FOOTAGE-2017-043-002/CERN-FOOTAGE-2017-043-002-posterframe-683x360-at-25-percent.jpg</subfield>
    <subfield code="x">jpgposterframe</subfield>
    <subfield code="y">posterframe 683x360 at 25 percent</subfield>
  </datafield>
  <datafield tag="856" ind1="7" ind2=" ">
    <subfield code="2">MediaArchive</subfield>
    <subfield code="u">https://mediaarchive.cern.ch/MediaArchive/Video/Public/Footage/CERN/2017/CERN-FOOTAGE-2017-043/CERN-FOOTAGE-2017-043-002/CERN-FOOTAGE-2017-043-002-posterframe-683x360-at-35-percent.jpg</subfield>
    <subfield code="x">jpgposterframe</subfield>
    <subfield code="y">posterframe 683x360 at 35 percent</subfield>
  </datafield>
  <datafield tag="856" ind1="7" ind2=" ">
    <subfield code="2">MediaArchive</subfield>
    <subfield code="u">https://mediaarchive.cern.ch/MediaArchive/Video/Public/Footage/CERN/2017/CERN-FOOTAGE-2017-043/CERN-FOOTAGE-2017-043-002/CERN-FOOTAGE-2017-043-002-posterframe-683x360-at-45-percent.jpg</subfield>
    <subfield code="x">jpgposterframe</subfield>
    <subfield code="y">posterframe 683x360 at 45 percent</subfield>
  </datafield>
  <datafield tag="856" ind1="7" ind2=" ">
    <subfield code="2">MediaArchive</subfield>
    <subfield code="u">https://mediaarchive.cern.ch/MediaArchive/Video/Public/Footage/CERN/2017/CERN-FOOTAGE-2017-043/CERN-FOOTAGE-2017-043-002/CERN-FOOTAGE-2017-043-002-posterframe-683x360-at-55-percent.jpg</subfield>
    <subfield code="x">jpgposterframe</subfield>
    <subfield code="y">posterframe 683x360 at 55 percent</subfield>
  </datafield>
  <datafield tag="856" ind1="7" ind2=" ">
    <subfield code="2">MediaArchive</subfield>
    <subfield code="u">https://mediaarchive.cern.ch/MediaArchive/Video/Public/Footage/CERN/2017/CERN-FOOTAGE-2017-043/CERN-FOOTAGE-2017-043-002/CERN-FOOTAGE-2017-043-002-posterframe-683x360-at-65-percent.jpg</subfield>
    <subfield code="x">jpgposterframe</subfield>
    <subfield code="y">posterframe 683x360 at 65 percent</subfield>
  </datafield>
  <datafield tag="856" ind1="7" ind2=" ">
    <subfield code="2">MediaArchive</subfield>
    <subfield code="u">https://mediaarchive.cern.ch/MediaArchive/Video/Public/Footage/CERN/2017/CERN-FOOTAGE-2017-043/CERN-FOOTAGE-2017-043-002/CERN-FOOTAGE-2017-043-002-posterframe-683x360-at-75-percent.jpg</subfield>
    <subfield code="x">jpgposterframe</subfield>
    <subfield code="y">posterframe 683x360 at 75 percent</subfield>
  </datafield>
  <datafield tag="856" ind1="7" ind2=" ">
    <subfield code="2">MediaArchive</subfield>
    <subfield code="u">https://mediaarchive.cern.ch/MediaArchive/Video/Public/Footage/CERN/2017/CERN-FOOTAGE-2017-043/CERN-FOOTAGE-2017-043-002/CERN-FOOTAGE-2017-043-002-posterframe-683x360-at-85-percent.jpg</subfield>
    <subfield code="x">jpgposterframe</subfield>
    <subfield code="y">posterframe 683x360 at 85 percent</subfield>
  </datafield>
  <datafield tag="856" ind1="7" ind2=" ">
    <subfield code="2">MediaArchive</subfield>
    <subfield code="u">https://mediaarchive.cern.ch/MediaArchive/Video/Public/Footage/CERN/2017/CERN-FOOTAGE-2017-043/CERN-FOOTAGE-2017-043-002/CERN-FOOTAGE-2017-043-002-posterframe-683x360-at-95-percent.jpg</subfield>
    <subfield code="x">jpgposterframe</subfield>
    <subfield code="y">posterframe 683x360 at 95 percent</subfield>
  </datafield>
  <datafield tag="856" ind1="7" ind2=" ">
    <subfield code="2">MediaArchive</subfield>
    <subfield code="u">https://mediaarchive.cern.ch/MediaArchive/Video/Public/Footage/CERN/2017/CERN-FOOTAGE-2017-043/CERN-FOOTAGE-2017-043-002/proxy-CERN-FOOTAGE-2017-043-002-posterframe-683x360-at-5-percent.jpg</subfield>
    <subfield code="x">jpgproxy-posterframe</subfield>
    <subfield code="y">proxy-posterframe 683x360 at 5 percent</subfield>
  </datafield>
  <datafield tag="856" ind1="7" ind2=" ">
    <subfield code="2">MediaArchive</subfield>
    <subfield code="u">https://mediaarchive.cern.ch/MediaArchive/Video/Public/Footage/CERN/2017/CERN-FOOTAGE-2017-043/CERN-FOOTAGE-2017-043-002/CERN-FOOTAGE-2017-043-002-thumbnail-192x101-at-5-percent.jpg</subfield>
    <subfield code="x">jpgthumbnail</subfield>
    <subfield code="y">thumbnail 192x101 at 5 percent</subfield>
  </datafield>
  <datafield tag="856" ind1="7" ind2=" ">
    <subfield code="2">MediaArchive</subfield>
    <subfield code="u">https://mediaarchive.cern.ch/MediaArchive/Video/Public/Footage/CERN/2017/CERN-FOOTAGE-2017-043/CERN-FOOTAGE-2017-043-002/CERN-FOOTAGE-2017-043-002-thumbnail-192x101-at-15-percent.jpg</subfield>
    <subfield code="x">jpgthumbnail</subfield>
    <subfield code="y">thumbnail 192x101 at 15 percent</subfield>
  </datafield>
  <datafield tag="856" ind1="7" ind2=" ">
    <subfield code="2">MediaArchive</subfield>
    <subfield code="u">https://mediaarchive.cern.ch/MediaArchive/Video/Public/Footage/CERN/2017/CERN-FOOTAGE-2017-043/CERN-FOOTAGE-2017-043-002/CERN-FOOTAGE-2017-043-002-thumbnail-192x101-at-25-percent.jpg</subfield>
    <subfield code="x">jpgthumbnail</subfield>
    <subfield code="y">thumbnail 192x101 at 25 percent</subfield>
  </datafield>
  <datafield tag="856" ind1="7" ind2=" ">
    <subfield code="2">MediaArchive</subfield>
    <subfield code="u">https://mediaarchive.cern.ch/MediaArchive/Video/Public/Footage/CERN/2017/CERN-FOOTAGE-2017-043/CERN-FOOTAGE-2017-043-002/CERN-FOOTAGE-2017-043-002-thumbnail-192x101-at-35-percent.jpg</subfield>
    <subfield code="x">jpgthumbnail</subfield>
    <subfield code="y">thumbnail 192x101 at 35 percent</subfield>
  </datafield>
  <datafield tag="856" ind1="7" ind2=" ">
    <subfield code="2">MediaArchive</subfield>
    <subfield code="u">https://mediaarchive.cern.ch/MediaArchive/Video/Public/Footage/CERN/2017/CERN-FOOTAGE-2017-043/CERN-FOOTAGE-2017-043-002/CERN-FOOTAGE-2017-043-002-thumbnail-192x101-at-45-percent.jpg</subfield>
    <subfield code="x">jpgthumbnail</subfield>
    <subfield code="y">thumbnail 192x101 at 45 percent</subfield>
  </datafield>
  <datafield tag="856" ind1="7" ind2=" ">
    <subfield code="2">MediaArchive</subfield>
    <subfield code="u">https://mediaarchive.cern.ch/MediaArchive/Video/Public/Footage/CERN/2017/CERN-FOOTAGE-2017-043/CERN-FOOTAGE-2017-043-002/CERN-FOOTAGE-2017-043-002-thumbnail-192x101-at-55-percent.jpg</subfield>
    <subfield code="x">jpgthumbnail</subfield>
    <subfield code="y">thumbnail 192x101 at 55 percent</subfield>
  </datafield>
  <datafield tag="856" ind1="7" ind2=" ">
    <subfield code="2">MediaArchive</subfield>
    <subfield code="u">https://mediaarchive.cern.ch/MediaArchive/Video/Public/Footage/CERN/2017/CERN-FOOTAGE-2017-043/CERN-FOOTAGE-2017-043-002/CERN-FOOTAGE-2017-043-002-thumbnail-192x101-at-65-percent.jpg</subfield>
    <subfield code="x">jpgthumbnail</subfield>
    <subfield code="y">thumbnail 192x101 at 65 percent</subfield>
  </datafield>
  <datafield tag="856" ind1="7" ind2=" ">
    <subfield code="2">MediaArchive</subfield>
    <subfield code="u">https://mediaarchive.cern.ch/MediaArchive/Video/Public/Footage/CERN/2017/CERN-FOOTAGE-2017-043/CERN-FOOTAGE-2017-043-002/CERN-FOOTAGE-2017-043-002-thumbnail-192x101-at-75-percent.jpg</subfield>
    <subfield code="x">jpgthumbnail</subfield>
    <subfield code="y">thumbnail 192x101 at 75 percent</subfield>
  </datafield>
  <datafield tag="856" ind1="7" ind2=" ">
    <subfield code="2">MediaArchive</subfield>
    <subfield code="u">https://mediaarchive.cern.ch/MediaArchive/Video/Public/Footage/CERN/2017/CERN-FOOTAGE-2017-043/CERN-FOOTAGE-2017-043-002/CERN-FOOTAGE-2017-043-002-thumbnail-192x101-at-85-percent.jpg</subfield>
    <subfield code="x">jpgthumbnail</subfield>
    <subfield code="y">thumbnail 192x101 at 85 percent</subfield>
  </datafield>
  <datafield tag="856" ind1="7" ind2=" ">
    <subfield code="2">MediaArchive</subfield>
    <subfield code="u">https://mediaarchive.cern.ch/MediaArchive/Video/Public/Footage/CERN/2017/CERN-FOOTAGE-2017-043/CERN-FOOTAGE-2017-043-002/CERN-FOOTAGE-2017-043-002-thumbnail-192x101-at-95-percent.jpg</subfield>
    <subfield code="x">jpgthumbnail</subfield>
    <subfield code="y">thumbnail 192x101 at 95 percent</subfield>
  </datafield>
  <datafield tag="859" ind1=" " ind2=" ">
    <subfield code="f">christoph.martin.madsen@cern.ch</subfield>
  </datafield>
  <datafield tag="937" ind1=" " ind2=" ">
    <subfield code="c">2017-10-12</subfield>
    <subfield code="s">christoph.martin.madsen@cern.ch</subfield>
  </datafield>
  <datafield tag="960" ind1=" " ind2=" ">
    <subfield code="a">85</subfield>
  </datafield>
  <datafield tag="970" ind1=" " ind2=" ">
    <subfield code="a">AVW.clip.3536</subfield>
  </datafield>
  <datafield tag="970" ind1=" " ind2=" ">
    <subfield code="d">https://videos.cern.ch/record/2288660</subfield>
  </datafield>
  <datafield tag="980" ind1=" " ind2=" ">
    <subfield code="a">PUBLVIDEORUSH</subfield>
  </datafield>
  <datafield tag="980" ind1=" " ind2=" ">
    <subfield code="b">FOOTAGEMEDIALAB</subfield>
  </datafield>
  <datafield tag="980" ind1=" " ind2=" ">
    <subfield code="c">MIGRATED</subfield>
  </datafield>
</record>
<record>
  <controlfield tag="001">2288661</controlfield>
  <controlfield tag="005">20171211170955.0</controlfield>
  <datafield tag="037" ind1=" " ind2=" ">
    <subfield code="a">CERN-FOOTAGE-2017-043-003</subfield>
  </datafield>
  <datafield tag="041" ind1=" " ind2=" ">
    <subfield code="a">silent</subfield>
  </datafield>
  <datafield tag="245" ind1=" " ind2=" ">
    <subfield code="a">Medical isotopes at PSI (Paul Scherrer Isnstitut) Footage 3</subfield>
  </datafield>
  <datafield tag="260" ind1=" " ind2=" ">
    <subfield code="c">2017</subfield>
  </datafield>
  <datafield tag="269" ind1=" " ind2=" ">
    <subfield code="c">2017-10-12</subfield>
  </datafield>
  <datafield tag="300" ind1=" " ind2=" ">
    <subfield code="a">00:02:32.320</subfield>
    <subfield code="b">4096x2160 256/135, 25.00</subfield>
    <subfield code="c">25</subfield>
    <subfield code="d">4096x2160</subfield>
    <subfield code="e">256:135</subfield>
  </datafield>
  <datafield tag="506" ind1="1" ind2=" ">
    <subfield code="a"></subfield>
  </datafield>
  <datafield tag="520" ind1=" " ind2=" ">
    <subfield code="a">Medical isotope extraction and quality control at PSI (Paul Scherrer Institut)</subfield>
  </datafield>
  <datafield tag="542" ind1=" " ind2=" ">
    <subfield code="d">CERN</subfield>
    <subfield code="g">2017</subfield>
  </datafield>
  <datafield tag="595" ind1=" " ind2=" ">
    <subfield code="a">Press</subfield>
    <subfield code="s">Press Videos</subfield>
  </datafield>
  <datafield tag="595" ind1=" " ind2=" ">
    <subfield code="a">Press</subfield>
    <subfield code="s">run2</subfield>
  </datafield>
  <datafield tag="595" ind1=" " ind2=" ">
    <subfield code="a">Press</subfield>
    <subfield code="s">B-Roll Footage</subfield>
  </datafield>
  <datafield tag="653" ind1="1" ind2=" ">
    <subfield code="a">PSI</subfield>
    <subfield code="9">CERN</subfield>
  </datafield>
  <datafield tag="653" ind1="1" ind2=" ">
    <subfield code="a">ISOLDE</subfield>
    <subfield code="9">CERN</subfield>
  </datafield>
  <datafield tag="653" ind1="1" ind2=" ">
    <subfield code="a">Medicis</subfield>
    <subfield code="9">CERN</subfield>
  </datafield>
  <datafield tag="653" ind1="1" ind2=" ">
    <subfield code="a">isotope</subfield>
    <subfield code="9">CERN</subfield>
  </datafield>
  <datafield tag="653" ind1="1" ind2=" ">
    <subfield code="a">medical isotopes</subfield>
    <subfield code="9">CERN</subfield>
  </datafield>
  <datafield tag="653" ind1="1" ind2=" ">
    <subfield code="a">medical applications</subfield>
    <subfield code="9">CERN</subfield>
  </datafield>
  <datafield tag="653" ind1="1" ind2=" ">
    <subfield code="a">chemical separation</subfield>
    <subfield code="9">CERN</subfield>
  </datafield>
  <datafield tag="653" ind1="1" ind2=" ">
    <subfield code="a">isotope extraction</subfield>
    <subfield code="9">CERN</subfield>
  </datafield>
  <datafield tag="653" ind1="1" ind2=" ">
    <subfield code="a">quality control</subfield>
    <subfield code="9">CERN</subfield>
  </datafield>
  <datafield tag="653" ind1="1" ind2=" ">
    <subfield code="a">Paul Scherrer Isnstitut</subfield>
    <subfield code="9">CERN</subfield>
  </datafield>
  <datafield tag="690" ind1="C" ind2=" ">
    <subfield code="a">publvideorush</subfield>
  </datafield>
  <datafield tag="773" ind1=" " ind2=" ">
    <subfield code="o">AVW.project.3012</subfield>
    <subfield code="r">CERN-FOOTAGE-2017-043</subfield>
  </datafield>
  <datafield tag="856" ind1="7" ind2=" ">
    <subfield code="2">MediaArchive</subfield>
    <subfield code="d">\\cern.ch\dfs\Services\MediaArchive\Video\Masters\Footage\CERN\2017\CERN-FOOTAGE-2017-043\Footage\CERN-FOOTAGE-2017-043-003.mov</subfield>
    <subfield code="x">Absolute master path</subfield>
  </datafield>
  <datafield tag="856" ind1="7" ind2=" ">
    <subfield code="2">MediaArchive</subfield>
    <subfield code="u">https://mediaarchive.cern.ch/MediaArchive/Video/Public/Footage/CERN/2017/CERN-FOOTAGE-2017-043/CERN-FOOTAGE-2017-043-003/CERN-FOOTAGE-2017-043-003-5872-kbps-2048x1080-audio-128-kbps-stereo.mp4</subfield>
    <subfield code="x">mp45872</subfield>
    <subfield code="y">5872 kbps maxH 1080 25 fps audio 128 kbps 48 kHz stereo</subfield>
  </datafield>
  <datafield tag="856" ind1="7" ind2=" ">
    <subfield code="2">MediaArchive</subfield>
    <subfield code="u">https://mediaarchive.cern.ch/MediaArchive/Video/Public/Footage/CERN/2017/CERN-FOOTAGE-2017-043/CERN-FOOTAGE-2017-043-003/CERN-FOOTAGE-2017-043-003-836-kbps-682x360-audio-64-kbps-stereo.mp4</subfield>
    <subfield code="x">mp40836</subfield>
    <subfield code="y">0836 kbps maxH 360 25 fps audio 64 kbps 48 kHz stereo</subfield>
  </datafield>
  <datafield tag="856" ind1="7" ind2=" ">
    <subfield code="2">MediaArchive</subfield>
    <subfield code="u">https://mediaarchive.cern.ch/MediaArchive/Video/Public/Footage/CERN/2017/CERN-FOOTAGE-2017-043/CERN-FOOTAGE-2017-043-003/CERN-FOOTAGE-2017-043-003-11872-kbps-4096x2160-audio-128-kbps-stereo.mp4</subfield>
    <subfield code="x">mp411872</subfield>
    <subfield code="y">11872 kbps maxH 2160 25 fps audio 128 kbps 48 kHz stereo</subfield>
  </datafield>
  <datafield tag="856" ind1="7" ind2=" ">
    <subfield code="2">MediaArchive</subfield>
    <subfield code="u">https://mediaarchive.cern.ch/MediaArchive/Video/Public/Footage/CERN/2017/CERN-FOOTAGE-2017-043/CERN-FOOTAGE-2017-043-003/CERN-FOOTAGE-2017-043-003-posterframe-683x360-at-5-percent.jpg</subfield>
    <subfield code="x">jpgposterframe</subfield>
    <subfield code="y">posterframe 683x360 at 5 percent</subfield>
  </datafield>
  <datafield tag="856" ind1="7" ind2=" ">
    <subfield code="2">MediaArchive</subfield>
    <subfield code="u">https://mediaarchive.cern.ch/MediaArchive/Video/Public/Footage/CERN/2017/CERN-FOOTAGE-2017-043/CERN-FOOTAGE-2017-043-003/CERN-FOOTAGE-2017-043-003-posterframe-683x360-at-15-percent.jpg</subfield>
    <subfield code="x">jpgposterframe</subfield>
    <subfield code="y">posterframe 683x360 at 15 percent</subfield>
  </datafield>
  <datafield tag="856" ind1="7" ind2=" ">
    <subfield code="2">MediaArchive</subfield>
    <subfield code="u">https://mediaarchive.cern.ch/MediaArchive/Video/Public/Footage/CERN/2017/CERN-FOOTAGE-2017-043/CERN-FOOTAGE-2017-043-003/CERN-FOOTAGE-2017-043-003-posterframe-683x360-at-25-percent.jpg</subfield>
    <subfield code="x">jpgposterframe</subfield>
    <subfield code="y">posterframe 683x360 at 25 percent</subfield>
  </datafield>
  <datafield tag="856" ind1="7" ind2=" ">
    <subfield code="2">MediaArchive</subfield>
    <subfield code="u">https://mediaarchive.cern.ch/MediaArchive/Video/Public/Footage/CERN/2017/CERN-FOOTAGE-2017-043/CERN-FOOTAGE-2017-043-003/CERN-FOOTAGE-2017-043-003-posterframe-683x360-at-35-percent.jpg</subfield>
    <subfield code="x">jpgposterframe</subfield>
    <subfield code="y">posterframe 683x360 at 35 percent</subfield>
  </datafield>
  <datafield tag="856" ind1="7" ind2=" ">
    <subfield code="2">MediaArchive</subfield>
    <subfield code="u">https://mediaarchive.cern.ch/MediaArchive/Video/Public/Footage/CERN/2017/CERN-FOOTAGE-2017-043/CERN-FOOTAGE-2017-043-003/CERN-FOOTAGE-2017-043-003-posterframe-683x360-at-45-percent.jpg</subfield>
    <subfield code="x">jpgposterframe</subfield>
    <subfield code="y">posterframe 683x360 at 45 percent</subfield>
  </datafield>
  <datafield tag="856" ind1="7" ind2=" ">
    <subfield code="2">MediaArchive</subfield>
    <subfield code="u">https://mediaarchive.cern.ch/MediaArchive/Video/Public/Footage/CERN/2017/CERN-FOOTAGE-2017-043/CERN-FOOTAGE-2017-043-003/CERN-FOOTAGE-2017-043-003-posterframe-683x360-at-55-percent.jpg</subfield>
    <subfield code="x">jpgposterframe</subfield>
    <subfield code="y">posterframe 683x360 at 55 percent</subfield>
  </datafield>
  <datafield tag="856" ind1="7" ind2=" ">
    <subfield code="2">MediaArchive</subfield>
    <subfield code="u">https://mediaarchive.cern.ch/MediaArchive/Video/Public/Footage/CERN/2017/CERN-FOOTAGE-2017-043/CERN-FOOTAGE-2017-043-003/CERN-FOOTAGE-2017-043-003-posterframe-683x360-at-65-percent.jpg</subfield>
    <subfield code="x">jpgposterframe</subfield>
    <subfield code="y">posterframe 683x360 at 65 percent</subfield>
  </datafield>
  <datafield tag="856" ind1="7" ind2=" ">
    <subfield code="2">MediaArchive</subfield>
    <subfield code="u">https://mediaarchive.cern.ch/MediaArchive/Video/Public/Footage/CERN/2017/CERN-FOOTAGE-2017-043/CERN-FOOTAGE-2017-043-003/CERN-FOOTAGE-2017-043-003-posterframe-683x360-at-75-percent.jpg</subfield>
    <subfield code="x">jpgposterframe</subfield>
    <subfield code="y">posterframe 683x360 at 75 percent</subfield>
  </datafield>
  <datafield tag="856" ind1="7" ind2=" ">
    <subfield code="2">MediaArchive</subfield>
    <subfield code="u">https://mediaarchive.cern.ch/MediaArchive/Video/Public/Footage/CERN/2017/CERN-FOOTAGE-2017-043/CERN-FOOTAGE-2017-043-003/CERN-FOOTAGE-2017-043-003-posterframe-683x360-at-85-percent.jpg</subfield>
    <subfield code="x">jpgposterframe</subfield>
    <subfield code="y">posterframe 683x360 at 85 percent</subfield>
  </datafield>
  <datafield tag="856" ind1="7" ind2=" ">
    <subfield code="2">MediaArchive</subfield>
    <subfield code="u">https://mediaarchive.cern.ch/MediaArchive/Video/Public/Footage/CERN/2017/CERN-FOOTAGE-2017-043/CERN-FOOTAGE-2017-043-003/CERN-FOOTAGE-2017-043-003-posterframe-683x360-at-95-percent.jpg</subfield>
    <subfield code="x">jpgposterframe</subfield>
    <subfield code="y">posterframe 683x360 at 95 percent</subfield>
  </datafield>
  <datafield tag="856" ind1="7" ind2=" ">
    <subfield code="2">MediaArchive</subfield>
    <subfield code="u">https://mediaarchive.cern.ch/MediaArchive/Video/Public/Footage/CERN/2017/CERN-FOOTAGE-2017-043/CERN-FOOTAGE-2017-043-003/proxy-CERN-FOOTAGE-2017-043-003-posterframe-683x360-at-5-percent.jpg</subfield>
    <subfield code="x">jpgproxy-posterframe</subfield>
    <subfield code="y">proxy-posterframe 683x360 at 5 percent</subfield>
  </datafield>
  <datafield tag="856" ind1="7" ind2=" ">
    <subfield code="2">MediaArchive</subfield>
    <subfield code="u">https://mediaarchive.cern.ch/MediaArchive/Video/Public/Footage/CERN/2017/CERN-FOOTAGE-2017-043/CERN-FOOTAGE-2017-043-003/CERN-FOOTAGE-2017-043-003-thumbnail-192x101-at-5-percent.jpg</subfield>
    <subfield code="x">jpgthumbnail</subfield>
    <subfield code="y">thumbnail 192x101 at 5 percent</subfield>
  </datafield>
  <datafield tag="856" ind1="7" ind2=" ">
    <subfield code="2">MediaArchive</subfield>
    <subfield code="u">https://mediaarchive.cern.ch/MediaArchive/Video/Public/Footage/CERN/2017/CERN-FOOTAGE-2017-043/CERN-FOOTAGE-2017-043-003/CERN-FOOTAGE-2017-043-003-thumbnail-192x101-at-15-percent.jpg</subfield>
    <subfield code="x">jpgthumbnail</subfield>
    <subfield code="y">thumbnail 192x101 at 15 percent</subfield>
  </datafield>
  <datafield tag="856" ind1="7" ind2=" ">
    <subfield code="2">MediaArchive</subfield>
    <subfield code="u">https://mediaarchive.cern.ch/MediaArchive/Video/Public/Footage/CERN/2017/CERN-FOOTAGE-2017-043/CERN-FOOTAGE-2017-043-003/CERN-FOOTAGE-2017-043-003-thumbnail-192x101-at-25-percent.jpg</subfield>
    <subfield code="x">jpgthumbnail</subfield>
    <subfield code="y">thumbnail 192x101 at 25 percent</subfield>
  </datafield>
  <datafield tag="856" ind1="7" ind2=" ">
    <subfield code="2">MediaArchive</subfield>
    <subfield code="u">https://mediaarchive.cern.ch/MediaArchive/Video/Public/Footage/CERN/2017/CERN-FOOTAGE-2017-043/CERN-FOOTAGE-2017-043-003/CERN-FOOTAGE-2017-043-003-thumbnail-192x101-at-35-percent.jpg</subfield>
    <subfield code="x">jpgthumbnail</subfield>
    <subfield code="y">thumbnail 192x101 at 35 percent</subfield>
  </datafield>
  <datafield tag="856" ind1="7" ind2=" ">
    <subfield code="2">MediaArchive</subfield>
    <subfield code="u">https://mediaarchive.cern.ch/MediaArchive/Video/Public/Footage/CERN/2017/CERN-FOOTAGE-2017-043/CERN-FOOTAGE-2017-043-003/CERN-FOOTAGE-2017-043-003-thumbnail-192x101-at-45-percent.jpg</subfield>
    <subfield code="x">jpgthumbnail</subfield>
    <subfield code="y">thumbnail 192x101 at 45 percent</subfield>
  </datafield>
  <datafield tag="856" ind1="7" ind2=" ">
    <subfield code="2">MediaArchive</subfield>
    <subfield code="u">https://mediaarchive.cern.ch/MediaArchive/Video/Public/Footage/CERN/2017/CERN-FOOTAGE-2017-043/CERN-FOOTAGE-2017-043-003/CERN-FOOTAGE-2017-043-003-thumbnail-192x101-at-55-percent.jpg</subfield>
    <subfield code="x">jpgthumbnail</subfield>
    <subfield code="y">thumbnail 192x101 at 55 percent</subfield>
  </datafield>
  <datafield tag="856" ind1="7" ind2=" ">
    <subfield code="2">MediaArchive</subfield>
    <subfield code="u">https://mediaarchive.cern.ch/MediaArchive/Video/Public/Footage/CERN/2017/CERN-FOOTAGE-2017-043/CERN-FOOTAGE-2017-043-003/CERN-FOOTAGE-2017-043-003-thumbnail-192x101-at-65-percent.jpg</subfield>
    <subfield code="x">jpgthumbnail</subfield>
    <subfield code="y">thumbnail 192x101 at 65 percent</subfield>
  </datafield>
  <datafield tag="856" ind1="7" ind2=" ">
    <subfield code="2">MediaArchive</subfield>
    <subfield code="u">https://mediaarchive.cern.ch/MediaArchive/Video/Public/Footage/CERN/2017/CERN-FOOTAGE-2017-043/CERN-FOOTAGE-2017-043-003/CERN-FOOTAGE-2017-043-003-thumbnail-192x101-at-75-percent.jpg</subfield>
    <subfield code="x">jpgthumbnail</subfield>
    <subfield code="y">thumbnail 192x101 at 75 percent</subfield>
  </datafield>
  <datafield tag="856" ind1="7" ind2=" ">
    <subfield code="2">MediaArchive</subfield>
    <subfield code="u">https://mediaarchive.cern.ch/MediaArchive/Video/Public/Footage/CERN/2017/CERN-FOOTAGE-2017-043/CERN-FOOTAGE-2017-043-003/CERN-FOOTAGE-2017-043-003-thumbnail-192x101-at-85-percent.jpg</subfield>
    <subfield code="x">jpgthumbnail</subfield>
    <subfield code="y">thumbnail 192x101 at 85 percent</subfield>
  </datafield>
  <datafield tag="856" ind1="7" ind2=" ">
    <subfield code="2">MediaArchive</subfield>
    <subfield code="u">https://mediaarchive.cern.ch/MediaArchive/Video/Public/Footage/CERN/2017/CERN-FOOTAGE-2017-043/CERN-FOOTAGE-2017-043-003/CERN-FOOTAGE-2017-043-003-thumbnail-192x101-at-95-percent.jpg</subfield>
    <subfield code="x">jpgthumbnail</subfield>
    <subfield code="y">thumbnail 192x101 at 95 percent</subfield>
  </datafield>
  <datafield tag="859" ind1=" " ind2=" ">
    <subfield code="f">christoph.martin.madsen@cern.ch</subfield>
  </datafield>
  <datafield tag="937" ind1=" " ind2=" ">
    <subfield code="c">2017-10-12</subfield>
    <subfield code="s">christoph.martin.madsen@cern.ch</subfield>
  </datafield>
  <datafield tag="960" ind1=" " ind2=" ">
    <subfield code="a">85</subfield>
  </datafield>
  <datafield tag="970" ind1=" " ind2=" ">
    <subfield code="a">AVW.clip.3537</subfield>
  </datafield>
  <datafield tag="970" ind1=" " ind2=" ">
    <subfield code="d">https://videos.cern.ch/record/2288661</subfield>
  </datafield>
  <datafield tag="980" ind1=" " ind2=" ">
    <subfield code="a">PUBLVIDEORUSH</subfield>
  </datafield>
  <datafield tag="980" ind1=" " ind2=" ">
    <subfield code="b">FOOTAGEMEDIALAB</subfield>
  </datafield>
  <datafield tag="980" ind1=" " ind2=" ">
    <subfield code="c">MIGRATED</subfield>
  </datafield>
</record>
<record>
  <controlfield tag="001">2288185</controlfield>
  <controlfield tag="005">20171211171043.0</controlfield>
  <datafield tag="037" ind1=" " ind2=" ">
    <subfield code="a">CERN-FOOTAGE-2017-033-005</subfield>
  </datafield>
  <datafield tag="041" ind1=" " ind2=" ">
    <subfield code="a">eng</subfield>
  </datafield>
  <datafield tag="245" ind1=" " ind2=" ">
    <subfield code="a">Footage 1 min</subfield>
  </datafield>
  <datafield tag="260" ind1=" " ind2=" ">
    <subfield code="c">2017</subfield>
  </datafield>
  <datafield tag="269" ind1=" " ind2=" ">
    <subfield code="c">2017-05-11</subfield>
  </datafield>
  <datafield tag="300" ind1=" " ind2=" ">
    <subfield code="a">00:00:59.960</subfield>
    <subfield code="b">3840x2160 16/9, 25.00</subfield>
    <subfield code="c">25</subfield>
    <subfield code="d">3840x2160</subfield>
    <subfield code="e">16:9</subfield>
  </datafield>
  <datafield tag="506" ind1="1" ind2=" ">
    <subfield code="a"></subfield>
  </datafield>
  <datafield tag="508" ind1=" " ind2=" ">
    <subfield code="a">Christoph Madsen</subfield>
  </datafield>
  <datafield tag="520" ind1=" " ind2=" ">
    <subfield code="a">Footage from inside the new MEDICIS facilety of ISOLDE, showing the new robot and train system that will be used for handeling the MEDICIS targets.</subfield>
  </datafield>
  <datafield tag="542" ind1=" " ind2=" ">
    <subfield code="d">CERN</subfield>
    <subfield code="g">2017</subfield>
  </datafield>
  <datafield tag="595" ind1=" " ind2=" ">
    <subfield code="a">Press</subfield>
    <subfield code="s">Press Videos</subfield>
  </datafield>
  <datafield tag="595" ind1=" " ind2=" ">
    <subfield code="a">Press</subfield>
    <subfield code="s">LHC experiments</subfield>
  </datafield>
  <datafield tag="595" ind1=" " ind2=" ">
    <subfield code="a">Press</subfield>
    <subfield code="s">run2</subfield>
  </datafield>
  <datafield tag="595" ind1=" " ind2=" ">
    <subfield code="a">Press</subfield>
    <subfield code="s">B-Roll Footage</subfield>
  </datafield>
  <datafield tag="653" ind1="1" ind2=" ">
    <subfield code="a">MEDICIS</subfield>
    <subfield code="9">CERN</subfield>
  </datafield>
  <datafield tag="653" ind1="1" ind2=" ">
    <subfield code="a">medical</subfield>
    <subfield code="9">CERN</subfield>
  </datafield>
  <datafield tag="653" ind1="1" ind2=" ">
    <subfield code="a">treatement</subfield>
    <subfield code="9">CERN</subfield>
  </datafield>
  <datafield tag="653" ind1="1" ind2=" ">
    <subfield code="a">cancer</subfield>
    <subfield code="9">CERN</subfield>
  </datafield>
  <datafield tag="653" ind1="1" ind2=" ">
    <subfield code="a">isotopes</subfield>
    <subfield code="9">CERN</subfield>
  </datafield>
  <datafield tag="653" ind1="1" ind2=" ">
    <subfield code="a">research</subfield>
    <subfield code="9">CERN</subfield>
  </datafield>
  <datafield tag="653" ind1="1" ind2=" ">
    <subfield code="a">arm</subfield>
    <subfield code="9">CERN</subfield>
  </datafield>
  <datafield tag="653" ind1="1" ind2=" ">
    <subfield code="a">robot</subfield>
    <subfield code="9">CERN</subfield>
  </datafield>
  <datafield tag="690" ind1="C" ind2=" ">
    <subfield code="a">publvideorush</subfield>
  </datafield>
  <datafield tag="773" ind1=" " ind2=" ">
    <subfield code="o">AVW.project.2962</subfield>
    <subfield code="r">CERN-FOOTAGE-2017-033</subfield>
  </datafield>
  <datafield tag="856" ind1="7" ind2=" ">
    <subfield code="2">MediaArchive</subfield>
    <subfield code="d">\\cern.ch\dfs\Services\MediaArchive\Video\Masters\Footage\CERN\2017\CERN-FOOTAGE-2017-033\Footage\CERN-FOOTAGE-2017-033-005.mov</subfield>
    <subfield code="x">Absolute master path</subfield>
  </datafield>
  <datafield tag="856" ind1="7" ind2=" ">
    <subfield code="2">MediaArchive</subfield>
    <subfield code="u">https://mediaarchive.cern.ch/MediaArchive/Video/Public/Footage/CERN/2017/CERN-FOOTAGE-2017-033/CERN-FOOTAGE-2017-033-005/CERN-FOOTAGE-2017-033-005-5872-kbps-1920x1080-audio-128-kbps-stereo.mp4</subfield>
    <subfield code="x">mp45872</subfield>
    <subfield code="y">5872 kbps maxH 1080 25 fps audio 128 kbps 48 kHz stereo</subfield>
  </datafield>
  <datafield tag="856" ind1="7" ind2=" ">
    <subfield code="2">MediaArchive</subfield>
    <subfield code="u">https://mediaarchive.cern.ch/MediaArchive/Video/Public/Footage/CERN/2017/CERN-FOOTAGE-2017-033/CERN-FOOTAGE-2017-033-005/CERN-FOOTAGE-2017-033-005-836-kbps-640x360-audio-64-kbps-stereo.mp4</subfield>
    <subfield code="x">mp40836</subfield>
    <subfield code="y">0836 kbps maxH 360 25 fps audio 64 kbps 48 kHz stereo</subfield>
  </datafield>
  <datafield tag="856" ind1="7" ind2=" ">
    <subfield code="2">MediaArchive</subfield>
    <subfield code="u">https://mediaarchive.cern.ch/MediaArchive/Video/Public/Footage/CERN/2017/CERN-FOOTAGE-2017-033/CERN-FOOTAGE-2017-033-005/CERN-FOOTAGE-2017-033-005-posterframe-640x360-at-5-percent.jpg</subfield>
    <subfield code="x">jpgposterframe</subfield>
    <subfield code="y">posterframe 640x360 at 5 percent</subfield>
  </datafield>
  <datafield tag="856" ind1="7" ind2=" ">
    <subfield code="2">MediaArchive</subfield>
    <subfield code="u">https://mediaarchive.cern.ch/MediaArchive/Video/Public/Footage/CERN/2017/CERN-FOOTAGE-2017-033/CERN-FOOTAGE-2017-033-005/CERN-FOOTAGE-2017-033-005-posterframe-640x360-at-15-percent.jpg</subfield>
    <subfield code="x">jpgposterframe</subfield>
    <subfield code="y">posterframe 640x360 at 15 percent</subfield>
  </datafield>
  <datafield tag="856" ind1="7" ind2=" ">
    <subfield code="2">MediaArchive</subfield>
    <subfield code="u">https://mediaarchive.cern.ch/MediaArchive/Video/Public/Footage/CERN/2017/CERN-FOOTAGE-2017-033/CERN-FOOTAGE-2017-033-005/CERN-FOOTAGE-2017-033-005-posterframe-640x360-at-25-percent.jpg</subfield>
    <subfield code="x">jpgposterframe</subfield>
    <subfield code="y">posterframe 640x360 at 25 percent</subfield>
  </datafield>
  <datafield tag="856" ind1="7" ind2=" ">
    <subfield code="2">MediaArchive</subfield>
    <subfield code="u">https://mediaarchive.cern.ch/MediaArchive/Video/Public/Footage/CERN/2017/CERN-FOOTAGE-2017-033/CERN-FOOTAGE-2017-033-005/CERN-FOOTAGE-2017-033-005-posterframe-640x360-at-35-percent.jpg</subfield>
    <subfield code="x">jpgposterframe</subfield>
    <subfield code="y">posterframe 640x360 at 35 percent</subfield>
  </datafield>
  <datafield tag="856" ind1="7" ind2=" ">
    <subfield code="2">MediaArchive</subfield>
    <subfield code="u">https://mediaarchive.cern.ch/MediaArchive/Video/Public/Footage/CERN/2017/CERN-FOOTAGE-2017-033/CERN-FOOTAGE-2017-033-005/CERN-FOOTAGE-2017-033-005-posterframe-640x360-at-45-percent.jpg</subfield>
    <subfield code="x">jpgposterframe</subfield>
    <subfield code="y">posterframe 640x360 at 45 percent</subfield>
  </datafield>
  <datafield tag="856" ind1="7" ind2=" ">
    <subfield code="2">MediaArchive</subfield>
    <subfield code="u">https://mediaarchive.cern.ch/MediaArchive/Video/Public/Footage/CERN/2017/CERN-FOOTAGE-2017-033/CERN-FOOTAGE-2017-033-005/CERN-FOOTAGE-2017-033-005-posterframe-640x360-at-55-percent.jpg</subfield>
    <subfield code="x">jpgposterframe</subfield>
    <subfield code="y">posterframe 640x360 at 55 percent</subfield>
  </datafield>
  <datafield tag="856" ind1="7" ind2=" ">
    <subfield code="2">MediaArchive</subfield>
    <subfield code="u">https://mediaarchive.cern.ch/MediaArchive/Video/Public/Footage/CERN/2017/CERN-FOOTAGE-2017-033/CERN-FOOTAGE-2017-033-005/CERN-FOOTAGE-2017-033-005-posterframe-640x360-at-65-percent.jpg</subfield>
    <subfield code="x">jpgposterframe</subfield>
    <subfield code="y">posterframe 640x360 at 65 percent</subfield>
  </datafield>
  <datafield tag="856" ind1="7" ind2=" ">
    <subfield code="2">MediaArchive</subfield>
    <subfield code="u">https://mediaarchive.cern.ch/MediaArchive/Video/Public/Footage/CERN/2017/CERN-FOOTAGE-2017-033/CERN-FOOTAGE-2017-033-005/CERN-FOOTAGE-2017-033-005-posterframe-640x360-at-75-percent.jpg</subfield>
    <subfield code="x">jpgposterframe</subfield>
    <subfield code="y">posterframe 640x360 at 75 percent</subfield>
  </datafield>
  <datafield tag="856" ind1="7" ind2=" ">
    <subfield code="2">MediaArchive</subfield>
    <subfield code="u">https://mediaarchive.cern.ch/MediaArchive/Video/Public/Footage/CERN/2017/CERN-FOOTAGE-2017-033/CERN-FOOTAGE-2017-033-005/CERN-FOOTAGE-2017-033-005-posterframe-640x360-at-85-percent.jpg</subfield>
    <subfield code="x">jpgposterframe</subfield>
    <subfield code="y">posterframe 640x360 at 85 percent</subfield>
  </datafield>
  <datafield tag="856" ind1="7" ind2=" ">
    <subfield code="2">MediaArchive</subfield>
    <subfield code="u">https://mediaarchive.cern.ch/MediaArchive/Video/Public/Footage/CERN/2017/CERN-FOOTAGE-2017-033/CERN-FOOTAGE-2017-033-005/CERN-FOOTAGE-2017-033-005-posterframe-640x360-at-95-percent.jpg</subfield>
    <subfield code="x">jpgposterframe</subfield>
    <subfield code="y">posterframe 640x360 at 95 percent</subfield>
  </datafield>
  <datafield tag="856" ind1="7" ind2=" ">
    <subfield code="2">MediaArchive</subfield>
    <subfield code="u">https://mediaarchive.cern.ch/MediaArchive/Video/Public/Footage/CERN/2017/CERN-FOOTAGE-2017-033/CERN-FOOTAGE-2017-033-005/proxy-CERN-FOOTAGE-2017-033-005-posterframe-640x360-at-5-percent.jpg</subfield>
    <subfield code="x">jpgproxy-posterframe</subfield>
    <subfield code="y">proxy-posterframe 640x360 at 5 percent</subfield>
  </datafield>
  <datafield tag="856" ind1="7" ind2=" ">
    <subfield code="2">MediaArchive</subfield>
    <subfield code="u">https://mediaarchive.cern.ch/MediaArchive/Video/Public/Footage/CERN/2017/CERN-FOOTAGE-2017-033/CERN-FOOTAGE-2017-033-005/CERN-FOOTAGE-2017-033-005-thumbnail-180x101-at-5-percent.jpg</subfield>
    <subfield code="x">jpgthumbnail</subfield>
    <subfield code="y">thumbnail 180x101 at 5 percent</subfield>
  </datafield>
  <datafield tag="856" ind1="7" ind2=" ">
    <subfield code="2">MediaArchive</subfield>
    <subfield code="u">https://mediaarchive.cern.ch/MediaArchive/Video/Public/Footage/CERN/2017/CERN-FOOTAGE-2017-033/CERN-FOOTAGE-2017-033-005/CERN-FOOTAGE-2017-033-005-thumbnail-180x101-at-15-percent.jpg</subfield>
    <subfield code="x">jpgthumbnail</subfield>
    <subfield code="y">thumbnail 180x101 at 15 percent</subfield>
  </datafield>
  <datafield tag="856" ind1="7" ind2=" ">
    <subfield code="2">MediaArchive</subfield>
    <subfield code="u">https://mediaarchive.cern.ch/MediaArchive/Video/Public/Footage/CERN/2017/CERN-FOOTAGE-2017-033/CERN-FOOTAGE-2017-033-005/CERN-FOOTAGE-2017-033-005-thumbnail-180x101-at-25-percent.jpg</subfield>
    <subfield code="x">jpgthumbnail</subfield>
    <subfield code="y">thumbnail 180x101 at 25 percent</subfield>
  </datafield>
  <datafield tag="856" ind1="7" ind2=" ">
    <subfield code="2">MediaArchive</subfield>
    <subfield code="u">https://mediaarchive.cern.ch/MediaArchive/Video/Public/Footage/CERN/2017/CERN-FOOTAGE-2017-033/CERN-FOOTAGE-2017-033-005/CERN-FOOTAGE-2017-033-005-thumbnail-180x101-at-35-percent.jpg</subfield>
    <subfield code="x">jpgthumbnail</subfield>
    <subfield code="y">thumbnail 180x101 at 35 percent</subfield>
  </datafield>
  <datafield tag="856" ind1="7" ind2=" ">
    <subfield code="2">MediaArchive</subfield>
    <subfield code="u">https://mediaarchive.cern.ch/MediaArchive/Video/Public/Footage/CERN/2017/CERN-FOOTAGE-2017-033/CERN-FOOTAGE-2017-033-005/CERN-FOOTAGE-2017-033-005-thumbnail-180x101-at-45-percent.jpg</subfield>
    <subfield code="x">jpgthumbnail</subfield>
    <subfield code="y">thumbnail 180x101 at 45 percent</subfield>
  </datafield>
  <datafield tag="856" ind1="7" ind2=" ">
    <subfield code="2">MediaArchive</subfield>
    <subfield code="u">https://mediaarchive.cern.ch/MediaArchive/Video/Public/Footage/CERN/2017/CERN-FOOTAGE-2017-033/CERN-FOOTAGE-2017-033-005/CERN-FOOTAGE-2017-033-005-thumbnail-180x101-at-55-percent.jpg</subfield>
    <subfield code="x">jpgthumbnail</subfield>
    <subfield code="y">thumbnail 180x101 at 55 percent</subfield>
  </datafield>
  <datafield tag="856" ind1="7" ind2=" ">
    <subfield code="2">MediaArchive</subfield>
    <subfield code="u">https://mediaarchive.cern.ch/MediaArchive/Video/Public/Footage/CERN/2017/CERN-FOOTAGE-2017-033/CERN-FOOTAGE-2017-033-005/CERN-FOOTAGE-2017-033-005-thumbnail-180x101-at-65-percent.jpg</subfield>
    <subfield code="x">jpgthumbnail</subfield>
    <subfield code="y">thumbnail 180x101 at 65 percent</subfield>
  </datafield>
  <datafield tag="856" ind1="7" ind2=" ">
    <subfield code="2">MediaArchive</subfield>
    <subfield code="u">https://mediaarchive.cern.ch/MediaArchive/Video/Public/Footage/CERN/2017/CERN-FOOTAGE-2017-033/CERN-FOOTAGE-2017-033-005/CERN-FOOTAGE-2017-033-005-thumbnail-180x101-at-75-percent.jpg</subfield>
    <subfield code="x">jpgthumbnail</subfield>
    <subfield code="y">thumbnail 180x101 at 75 percent</subfield>
  </datafield>
  <datafield tag="856" ind1="7" ind2=" ">
    <subfield code="2">MediaArchive</subfield>
    <subfield code="u">https://mediaarchive.cern.ch/MediaArchive/Video/Public/Footage/CERN/2017/CERN-FOOTAGE-2017-033/CERN-FOOTAGE-2017-033-005/CERN-FOOTAGE-2017-033-005-thumbnail-180x101-at-85-percent.jpg</subfield>
    <subfield code="x">jpgthumbnail</subfield>
    <subfield code="y">thumbnail 180x101 at 85 percent</subfield>
  </datafield>
  <datafield tag="856" ind1="7" ind2=" ">
    <subfield code="2">MediaArchive</subfield>
    <subfield code="u">https://mediaarchive.cern.ch/MediaArchive/Video/Public/Footage/CERN/2017/CERN-FOOTAGE-2017-033/CERN-FOOTAGE-2017-033-005/CERN-FOOTAGE-2017-033-005-thumbnail-180x101-at-95-percent.jpg</subfield>
    <subfield code="x">jpgthumbnail</subfield>
    <subfield code="y">thumbnail 180x101 at 95 percent</subfield>
  </datafield>
  <datafield tag="859" ind1=" " ind2=" ">
    <subfield code="f">noemi.caraban.gonzalez@cern.ch</subfield>
  </datafield>
  <datafield tag="937" ind1=" " ind2=" ">
    <subfield code="c">2017-10-11</subfield>
    <subfield code="s">noemi.caraban.gonzalez@cern.ch</subfield>
  </datafield>
  <datafield tag="960" ind1=" " ind2=" ">
    <subfield code="a">85</subfield>
  </datafield>
  <datafield tag="970" ind1=" " ind2=" ">
    <subfield code="a">AVW.clip.3534</subfield>
  </datafield>
  <datafield tag="970" ind1=" " ind2=" ">
    <subfield code="d">https://videos.cern.ch/record/2288185</subfield>
  </datafield>
  <datafield tag="980" ind1=" " ind2=" ">
    <subfield code="a">PUBLVIDEORUSH</subfield>
  </datafield>
  <datafield tag="980" ind1=" " ind2=" ">
    <subfield code="b">FOOTAGEMEDIALAB</subfield>
  </datafield>
  <datafield tag="980" ind1=" " ind2=" ">
    <subfield code="c">MIGRATED</subfield>
  </datafield>
</record>
<record>
  <controlfield tag="001">2272710</controlfield>
  <controlfield tag="005">20171211170641.0</controlfield>
  <datafield tag="037" ind1=" " ind2=" ">
    <subfield code="a">CERN-FOOTAGE-2017-033-001</subfield>
  </datafield>
  <datafield tag="041" ind1=" " ind2=" ">
    <subfield code="a">silent</subfield>
  </datafield>
  <datafield tag="245" ind1=" " ind2=" ">
    <subfield code="a">MEDICIS footage 2017 Part1</subfield>
  </datafield>
  <datafield tag="260" ind1=" " ind2=" ">
    <subfield code="c">2017</subfield>
  </datafield>
  <datafield tag="269" ind1=" " ind2=" ">
    <subfield code="c">2017-07-03</subfield>
  </datafield>
  <datafield tag="300" ind1=" " ind2=" ">
    <subfield code="a">00:04:20.120</subfield>
    <subfield code="b">4096x2160 256/135, 25.00</subfield>
    <subfield code="c">25</subfield>
    <subfield code="d">4096x2160</subfield>
    <subfield code="e">256:135</subfield>
  </datafield>
  <datafield tag="506" ind1="1" ind2=" ">
    <subfield code="a"></subfield>
  </datafield>
  <datafield tag="508" ind1=" " ind2=" ">
    <subfield code="a">Christoph M. Madsen</subfield>
  </datafield>
  <datafield tag="520" ind1=" " ind2=" ">
    <subfield code="a">Footage from inside the new MEDICIS facilety of ISOLDE, showing the new robot and train system that will be used for handeling the MEDICIS targets.</subfield>
  </datafield>
  <datafield tag="542" ind1=" " ind2=" ">
    <subfield code="d">CERN</subfield>
    <subfield code="g">2017</subfield>
  </datafield>
  <datafield tag="653" ind1="1" ind2=" ">
    <subfield code="a">targets</subfield>
    <subfield code="9">CERN</subfield>
  </datafield>
  <datafield tag="653" ind1="1" ind2=" ">
    <subfield code="a">4K</subfield>
    <subfield code="9">CERN</subfield>
  </datafield>
  <datafield tag="653" ind1="1" ind2=" ">
    <subfield code="a">MEDICIS</subfield>
    <subfield code="9">CERN</subfield>
  </datafield>
  <datafield tag="653" ind1="1" ind2=" ">
    <subfield code="a">robots</subfield>
    <subfield code="9">CERN</subfield>
  </datafield>
  <datafield tag="690" ind1="C" ind2=" ">
    <subfield code="a">publvideorush</subfield>
  </datafield>
  <datafield tag="773" ind1=" " ind2=" ">
    <subfield code="o">AVW.project.2962</subfield>
    <subfield code="r">CERN-FOOTAGE-2017-033</subfield>
  </datafield>
  <datafield tag="856" ind1="7" ind2=" ">
    <subfield code="2">MediaArchive</subfield>
    <subfield code="d">\\cern.ch\dfs\Services\MediaArchive\Video\Masters\Footage\CERN\2017\CERN-FOOTAGE-2017-033\Footage\CERN-FOOTAGE-2017-033-001.mov</subfield>
    <subfield code="x">Absolute master path</subfield>
  </datafield>
  <datafield tag="856" ind1="7" ind2=" ">
    <subfield code="2">MediaArchive</subfield>
    <subfield code="u">https://mediaarchive.cern.ch/MediaArchive/Video/Public/Footage/CERN/2017/CERN-FOOTAGE-2017-033/CERN-FOOTAGE-2017-033-001/CERN-FOOTAGE-2017-033-001-5872-kbps-2048x1080-audio-128-kbps-stereo.mp4</subfield>
    <subfield code="x">mp45872</subfield>
    <subfield code="y">5872 kbps maxH 1080 25 fps audio 128 kbps 48 kHz stereo</subfield>
  </datafield>
  <datafield tag="856" ind1="7" ind2=" ">
    <subfield code="2">MediaArchive</subfield>
    <subfield code="u">https://mediaarchive.cern.ch/MediaArchive/Video/Public/Footage/CERN/2017/CERN-FOOTAGE-2017-033/CERN-FOOTAGE-2017-033-001/CERN-FOOTAGE-2017-033-001-836-kbps-682x360-audio-64-kbps-stereo.mp4</subfield>
    <subfield code="x">mp40836</subfield>
    <subfield code="y">0836 kbps maxH 360 25 fps audio 64 kbps 48 kHz stereo</subfield>
  </datafield>
  <datafield tag="856" ind1="7" ind2=" ">
    <subfield code="2">MediaArchive</subfield>
    <subfield code="u">https://mediaarchive.cern.ch/MediaArchive/Video/Public/Footage/CERN/2017/CERN-FOOTAGE-2017-033/CERN-FOOTAGE-2017-033-001/CERN-FOOTAGE-2017-033-001-11872-kbps-4096x2160-audio-128-kbps-stereo.mp4</subfield>
    <subfield code="x">mp411872</subfield>
    <subfield code="y">11872 kbps maxH 2160 25 fps audio 128 kbps 48 kHz stereo</subfield>
  </datafield>
  <datafield tag="856" ind1="7" ind2=" ">
    <subfield code="2">MediaArchive</subfield>
    <subfield code="u">https://mediaarchive.cern.ch/MediaArchive/Video/Public/Footage/CERN/2017/CERN-FOOTAGE-2017-033/CERN-FOOTAGE-2017-033-001/CERN-FOOTAGE-2017-033-001-posterframe-683x360-at-5-percent.jpg</subfield>
    <subfield code="x">jpgposterframe</subfield>
    <subfield code="y">posterframe 683x360 at 5 percent</subfield>
  </datafield>
  <datafield tag="856" ind1="7" ind2=" ">
    <subfield code="2">MediaArchive</subfield>
    <subfield code="u">https://mediaarchive.cern.ch/MediaArchive/Video/Public/Footage/CERN/2017/CERN-FOOTAGE-2017-033/CERN-FOOTAGE-2017-033-001/CERN-FOOTAGE-2017-033-001-posterframe-683x360-at-15-percent.jpg</subfield>
    <subfield code="x">jpgposterframe</subfield>
    <subfield code="y">posterframe 683x360 at 15 percent</subfield>
  </datafield>
  <datafield tag="856" ind1="7" ind2=" ">
    <subfield code="2">MediaArchive</subfield>
    <subfield code="u">https://mediaarchive.cern.ch/MediaArchive/Video/Public/Footage/CERN/2017/CERN-FOOTAGE-2017-033/CERN-FOOTAGE-2017-033-001/CERN-FOOTAGE-2017-033-001-posterframe-683x360-at-25-percent.jpg</subfield>
    <subfield code="x">jpgposterframe</subfield>
    <subfield code="y">posterframe 683x360 at 25 percent</subfield>
  </datafield>
  <datafield tag="856" ind1="7" ind2=" ">
    <subfield code="2">MediaArchive</subfield>
    <subfield code="u">https://mediaarchive.cern.ch/MediaArchive/Video/Public/Footage/CERN/2017/CERN-FOOTAGE-2017-033/CERN-FOOTAGE-2017-033-001/CERN-FOOTAGE-2017-033-001-posterframe-683x360-at-35-percent.jpg</subfield>
    <subfield code="x">jpgposterframe</subfield>
    <subfield code="y">posterframe 683x360 at 35 percent</subfield>
  </datafield>
  <datafield tag="856" ind1="7" ind2=" ">
    <subfield code="2">MediaArchive</subfield>
    <subfield code="u">https://mediaarchive.cern.ch/MediaArchive/Video/Public/Footage/CERN/2017/CERN-FOOTAGE-2017-033/CERN-FOOTAGE-2017-033-001/CERN-FOOTAGE-2017-033-001-posterframe-683x360-at-45-percent.jpg</subfield>
    <subfield code="x">jpgposterframe</subfield>
    <subfield code="y">posterframe 683x360 at 45 percent</subfield>
  </datafield>
  <datafield tag="856" ind1="7" ind2=" ">
    <subfield code="2">MediaArchive</subfield>
    <subfield code="u">https://mediaarchive.cern.ch/MediaArchive/Video/Public/Footage/CERN/2017/CERN-FOOTAGE-2017-033/CERN-FOOTAGE-2017-033-001/CERN-FOOTAGE-2017-033-001-posterframe-683x360-at-55-percent.jpg</subfield>
    <subfield code="x">jpgposterframe</subfield>
    <subfield code="y">posterframe 683x360 at 55 percent</subfield>
  </datafield>
  <datafield tag="856" ind1="7" ind2=" ">
    <subfield code="2">MediaArchive</subfield>
    <subfield code="u">https://mediaarchive.cern.ch/MediaArchive/Video/Public/Footage/CERN/2017/CERN-FOOTAGE-2017-033/CERN-FOOTAGE-2017-033-001/CERN-FOOTAGE-2017-033-001-posterframe-683x360-at-65-percent.jpg</subfield>
    <subfield code="x">jpgposterframe</subfield>
    <subfield code="y">posterframe 683x360 at 65 percent</subfield>
  </datafield>
  <datafield tag="856" ind1="7" ind2=" ">
    <subfield code="2">MediaArchive</subfield>
    <subfield code="u">https://mediaarchive.cern.ch/MediaArchive/Video/Public/Footage/CERN/2017/CERN-FOOTAGE-2017-033/CERN-FOOTAGE-2017-033-001/CERN-FOOTAGE-2017-033-001-posterframe-683x360-at-75-percent.jpg</subfield>
    <subfield code="x">jpgposterframe</subfield>
    <subfield code="y">posterframe 683x360 at 75 percent</subfield>
  </datafield>
  <datafield tag="856" ind1="7" ind2=" ">
    <subfield code="2">MediaArchive</subfield>
    <subfield code="u">https://mediaarchive.cern.ch/MediaArchive/Video/Public/Footage/CERN/2017/CERN-FOOTAGE-2017-033/CERN-FOOTAGE-2017-033-001/CERN-FOOTAGE-2017-033-001-posterframe-683x360-at-85-percent.jpg</subfield>
    <subfield code="x">jpgposterframe</subfield>
    <subfield code="y">posterframe 683x360 at 85 percent</subfield>
  </datafield>
  <datafield tag="856" ind1="7" ind2=" ">
    <subfield code="2">MediaArchive</subfield>
    <subfield code="u">https://mediaarchive.cern.ch/MediaArchive/Video/Public/Footage/CERN/2017/CERN-FOOTAGE-2017-033/CERN-FOOTAGE-2017-033-001/CERN-FOOTAGE-2017-033-001-posterframe-683x360-at-95-percent.jpg</subfield>
    <subfield code="x">jpgposterframe</subfield>
    <subfield code="y">posterframe 683x360 at 95 percent</subfield>
  </datafield>
  <datafield tag="856" ind1="7" ind2=" ">
    <subfield code="2">MediaArchive</subfield>
    <subfield code="u">https://mediaarchive.cern.ch/MediaArchive/Video/Public/Footage/CERN/2017/CERN-FOOTAGE-2017-033/CERN-FOOTAGE-2017-033-001/proxy-CERN-FOOTAGE-2017-033-001-posterframe-683x360-at-5-percent.jpg</subfield>
    <subfield code="x">jpgproxy-posterframe</subfield>
    <subfield code="y">proxy-posterframe 683x360 at 5 percent</subfield>
  </datafield>
  <datafield tag="856" ind1="7" ind2=" ">
    <subfield code="2">MediaArchive</subfield>
    <subfield code="u">https://mediaarchive.cern.ch/MediaArchive/Video/Public/Footage/CERN/2017/CERN-FOOTAGE-2017-033/CERN-FOOTAGE-2017-033-001/CERN-FOOTAGE-2017-033-001-thumbnail-192x101-at-5-percent.jpg</subfield>
    <subfield code="x">jpgthumbnail</subfield>
    <subfield code="y">thumbnail 192x101 at 5 percent</subfield>
  </datafield>
  <datafield tag="856" ind1="7" ind2=" ">
    <subfield code="2">MediaArchive</subfield>
    <subfield code="u">https://mediaarchive.cern.ch/MediaArchive/Video/Public/Footage/CERN/2017/CERN-FOOTAGE-2017-033/CERN-FOOTAGE-2017-033-001/CERN-FOOTAGE-2017-033-001-thumbnail-192x101-at-15-percent.jpg</subfield>
    <subfield code="x">jpgthumbnail</subfield>
    <subfield code="y">thumbnail 192x101 at 15 percent</subfield>
  </datafield>
  <datafield tag="856" ind1="7" ind2=" ">
    <subfield code="2">MediaArchive</subfield>
    <subfield code="u">https://mediaarchive.cern.ch/MediaArchive/Video/Public/Footage/CERN/2017/CERN-FOOTAGE-2017-033/CERN-FOOTAGE-2017-033-001/CERN-FOOTAGE-2017-033-001-thumbnail-192x101-at-25-percent.jpg</subfield>
    <subfield code="x">jpgthumbnail</subfield>
    <subfield code="y">thumbnail 192x101 at 25 percent</subfield>
  </datafield>
  <datafield tag="856" ind1="7" ind2=" ">
    <subfield code="2">MediaArchive</subfield>
    <subfield code="u">https://mediaarchive.cern.ch/MediaArchive/Video/Public/Footage/CERN/2017/CERN-FOOTAGE-2017-033/CERN-FOOTAGE-2017-033-001/CERN-FOOTAGE-2017-033-001-thumbnail-192x101-at-35-percent.jpg</subfield>
    <subfield code="x">jpgthumbnail</subfield>
    <subfield code="y">thumbnail 192x101 at 35 percent</subfield>
  </datafield>
  <datafield tag="856" ind1="7" ind2=" ">
    <subfield code="2">MediaArchive</subfield>
    <subfield code="u">https://mediaarchive.cern.ch/MediaArchive/Video/Public/Footage/CERN/2017/CERN-FOOTAGE-2017-033/CERN-FOOTAGE-2017-033-001/CERN-FOOTAGE-2017-033-001-thumbnail-192x101-at-45-percent.jpg</subfield>
    <subfield code="x">jpgthumbnail</subfield>
    <subfield code="y">thumbnail 192x101 at 45 percent</subfield>
  </datafield>
  <datafield tag="856" ind1="7" ind2=" ">
    <subfield code="2">MediaArchive</subfield>
    <subfield code="u">https://mediaarchive.cern.ch/MediaArchive/Video/Public/Footage/CERN/2017/CERN-FOOTAGE-2017-033/CERN-FOOTAGE-2017-033-001/CERN-FOOTAGE-2017-033-001-thumbnail-192x101-at-55-percent.jpg</subfield>
    <subfield code="x">jpgthumbnail</subfield>
    <subfield code="y">thumbnail 192x101 at 55 percent</subfield>
  </datafield>
  <datafield tag="856" ind1="7" ind2=" ">
    <subfield code="2">MediaArchive</subfield>
    <subfield code="u">https://mediaarchive.cern.ch/MediaArchive/Video/Public/Footage/CERN/2017/CERN-FOOTAGE-2017-033/CERN-FOOTAGE-2017-033-001/CERN-FOOTAGE-2017-033-001-thumbnail-192x101-at-65-percent.jpg</subfield>
    <subfield code="x">jpgthumbnail</subfield>
    <subfield code="y">thumbnail 192x101 at 65 percent</subfield>
  </datafield>
  <datafield tag="856" ind1="7" ind2=" ">
    <subfield code="2">MediaArchive</subfield>
    <subfield code="u">https://mediaarchive.cern.ch/MediaArchive/Video/Public/Footage/CERN/2017/CERN-FOOTAGE-2017-033/CERN-FOOTAGE-2017-033-001/CERN-FOOTAGE-2017-033-001-thumbnail-192x101-at-75-percent.jpg</subfield>
    <subfield code="x">jpgthumbnail</subfield>
    <subfield code="y">thumbnail 192x101 at 75 percent</subfield>
  </datafield>
  <datafield tag="856" ind1="7" ind2=" ">
    <subfield code="2">MediaArchive</subfield>
    <subfield code="u">https://mediaarchive.cern.ch/MediaArchive/Video/Public/Footage/CERN/2017/CERN-FOOTAGE-2017-033/CERN-FOOTAGE-2017-033-001/CERN-FOOTAGE-2017-033-001-thumbnail-192x101-at-85-percent.jpg</subfield>
    <subfield code="x">jpgthumbnail</subfield>
    <subfield code="y">thumbnail 192x101 at 85 percent</subfield>
  </datafield>
  <datafield tag="856" ind1="7" ind2=" ">
    <subfield code="2">MediaArchive</subfield>
    <subfield code="u">https://mediaarchive.cern.ch/MediaArchive/Video/Public/Footage/CERN/2017/CERN-FOOTAGE-2017-033/CERN-FOOTAGE-2017-033-001/CERN-FOOTAGE-2017-033-001-thumbnail-192x101-at-95-percent.jpg</subfield>
    <subfield code="x">jpgthumbnail</subfield>
    <subfield code="y">thumbnail 192x101 at 95 percent</subfield>
  </datafield>
  <datafield tag="859" ind1=" " ind2=" ">
    <subfield code="f">christoph.martin.madsen@cern.ch</subfield>
  </datafield>
  <datafield tag="937" ind1=" " ind2=" ">
    <subfield code="c">2017-07-03</subfield>
    <subfield code="s">christoph.martin.madsen@cern.ch</subfield>
  </datafield>
  <datafield tag="960" ind1=" " ind2=" ">
    <subfield code="a">85</subfield>
  </datafield>
  <datafield tag="970" ind1=" " ind2=" ">
    <subfield code="a">AVW.clip.3442</subfield>
  </datafield>
  <datafield tag="970" ind1=" " ind2=" ">
    <subfield code="d">https://videos.cern.ch/record/2272710</subfield>
  </datafield>
  <datafield tag="980" ind1=" " ind2=" ">
    <subfield code="a">PUBLVIDEORUSH</subfield>
  </datafield>
  <datafield tag="980" ind1=" " ind2=" ">
    <subfield code="b">FOOTAGEMEDIALAB</subfield>
  </datafield>
  <datafield tag="980" ind1=" " ind2=" ">
    <subfield code="c">MIGRATED</subfield>
  </datafield>
</record>
<record>
  <controlfield tag="001">2272709</controlfield>
  <controlfield tag="005">20171211170641.0</controlfield>
  <datafield tag="037" ind1=" " ind2=" ">
    <subfield code="a">CERN-FOOTAGE-2017-033-002</subfield>
  </datafield>
  <datafield tag="041" ind1=" " ind2=" ">
    <subfield code="a">silent</subfield>
  </datafield>
  <datafield tag="245" ind1=" " ind2=" ">
    <subfield code="a">MEDICIS footage 2017 Part2</subfield>
  </datafield>
  <datafield tag="260" ind1=" " ind2=" ">
    <subfield code="c">2017</subfield>
  </datafield>
  <datafield tag="269" ind1=" " ind2=" ">
    <subfield code="c">2017-07-03</subfield>
  </datafield>
  <datafield tag="300" ind1=" " ind2=" ">
    <subfield code="a">00:05:48.440</subfield>
    <subfield code="b">4096x2160 256/135, 25.00</subfield>
    <subfield code="c">25</subfield>
    <subfield code="d">4096x2160</subfield>
    <subfield code="e">256:135</subfield>
  </datafield>
  <datafield tag="506" ind1="1" ind2=" ">
    <subfield code="a"></subfield>
  </datafield>
  <datafield tag="508" ind1=" " ind2=" ">
    <subfield code="a">Christoph M. Madsen</subfield>
  </datafield>
  <datafield tag="520" ind1=" " ind2=" ">
    <subfield code="a">Footage from inside the new MEDICIS facilety of ISOLDE, showing the new robot and train system that will be used for handeling the MEDICIS targets.</subfield>
  </datafield>
  <datafield tag="542" ind1=" " ind2=" ">
    <subfield code="d">CERN</subfield>
    <subfield code="g">2017</subfield>
  </datafield>
  <datafield tag="595" ind1=" " ind2=" ">
    <subfield code="a">Press</subfield>
    <subfield code="s">Press Videos</subfield>
  </datafield>
  <datafield tag="595" ind1=" " ind2=" ">
    <subfield code="a">Press</subfield>
    <subfield code="s">LHC experiments</subfield>
  </datafield>
  <datafield tag="595" ind1=" " ind2=" ">
    <subfield code="a">Press</subfield>
    <subfield code="s">run2</subfield>
  </datafield>
  <datafield tag="595" ind1=" " ind2=" ">
    <subfield code="a">Press</subfield>
    <subfield code="s">B-Roll Footage</subfield>
  </datafield>
  <datafield tag="653" ind1="1" ind2=" ">
    <subfield code="a">targets</subfield>
    <subfield code="9">CERN</subfield>
  </datafield>
  <datafield tag="653" ind1="1" ind2=" ">
    <subfield code="a">4K</subfield>
    <subfield code="9">CERN</subfield>
  </datafield>
  <datafield tag="653" ind1="1" ind2=" ">
    <subfield code="a">MEDICIS</subfield>
    <subfield code="9">CERN</subfield>
  </datafield>
  <datafield tag="653" ind1="1" ind2=" ">
    <subfield code="a">robots</subfield>
    <subfield code="9">CERN</subfield>
  </datafield>
  <datafield tag="690" ind1="C" ind2=" ">
    <subfield code="a">publvideorush</subfield>
  </datafield>
  <datafield tag="773" ind1=" " ind2=" ">
    <subfield code="o">AVW.project.2962</subfield>
    <subfield code="r">CERN-FOOTAGE-2017-033</subfield>
  </datafield>
  <datafield tag="856" ind1="7" ind2=" ">
    <subfield code="2">MediaArchive</subfield>
    <subfield code="d">\\cern.ch\dfs\Services\MediaArchive\Video\Masters\Footage\CERN\2017\CERN-FOOTAGE-2017-033\Footage\CERN-FOOTAGE-2017-033-002.mov</subfield>
    <subfield code="x">Absolute master path</subfield>
  </datafield>
  <datafield tag="856" ind1="7" ind2=" ">
    <subfield code="2">MediaArchive</subfield>
    <subfield code="u">https://mediaarchive.cern.ch/MediaArchive/Video/Public/Footage/CERN/2017/CERN-FOOTAGE-2017-033/CERN-FOOTAGE-2017-033-002/CERN-FOOTAGE-2017-033-002-5872-kbps-2048x1080-audio-128-kbps-stereo.mp4</subfield>
    <subfield code="x">mp45872</subfield>
    <subfield code="y">5872 kbps maxH 1080 25 fps audio 128 kbps 48 kHz stereo</subfield>
  </datafield>
  <datafield tag="856" ind1="7" ind2=" ">
    <subfield code="2">MediaArchive</subfield>
    <subfield code="u">https://mediaarchive.cern.ch/MediaArchive/Video/Public/Footage/CERN/2017/CERN-FOOTAGE-2017-033/CERN-FOOTAGE-2017-033-002/CERN-FOOTAGE-2017-033-002-836-kbps-682x360-audio-64-kbps-stereo.mp4</subfield>
    <subfield code="x">mp40836</subfield>
    <subfield code="y">0836 kbps maxH 360 25 fps audio 64 kbps 48 kHz stereo</subfield>
  </datafield>
  <datafield tag="856" ind1="7" ind2=" ">
    <subfield code="2">MediaArchive</subfield>
    <subfield code="u">https://mediaarchive.cern.ch/MediaArchive/Video/Public/Footage/CERN/2017/CERN-FOOTAGE-2017-033/CERN-FOOTAGE-2017-033-002/CERN-FOOTAGE-2017-033-002-11872-kbps-4096x2160-audio-128-kbps-stereo.mp4</subfield>
    <subfield code="x">mp411872</subfield>
    <subfield code="y">11872 kbps maxH 2160 25 fps audio 128 kbps 48 kHz stereo</subfield>
  </datafield>
  <datafield tag="856" ind1="7" ind2=" ">
    <subfield code="2">MediaArchive</subfield>
    <subfield code="u">https://mediaarchive.cern.ch/MediaArchive/Video/Public/Footage/CERN/2017/CERN-FOOTAGE-2017-033/CERN-FOOTAGE-2017-033-002/CERN-FOOTAGE-2017-033-002-posterframe-683x360-at-5-percent.jpg</subfield>
    <subfield code="x">jpgposterframe</subfield>
    <subfield code="y">posterframe 683x360 at 5 percent</subfield>
  </datafield>
  <datafield tag="856" ind1="7" ind2=" ">
    <subfield code="2">MediaArchive</subfield>
    <subfield code="u">https://mediaarchive.cern.ch/MediaArchive/Video/Public/Footage/CERN/2017/CERN-FOOTAGE-2017-033/CERN-FOOTAGE-2017-033-002/CERN-FOOTAGE-2017-033-002-posterframe-683x360-at-15-percent.jpg</subfield>
    <subfield code="x">jpgposterframe</subfield>
    <subfield code="y">posterframe 683x360 at 15 percent</subfield>
  </datafield>
  <datafield tag="856" ind1="7" ind2=" ">
    <subfield code="2">MediaArchive</subfield>
    <subfield code="u">https://mediaarchive.cern.ch/MediaArchive/Video/Public/Footage/CERN/2017/CERN-FOOTAGE-2017-033/CERN-FOOTAGE-2017-033-002/CERN-FOOTAGE-2017-033-002-posterframe-683x360-at-25-percent.jpg</subfield>
    <subfield code="x">jpgposterframe</subfield>
    <subfield code="y">posterframe 683x360 at 25 percent</subfield>
  </datafield>
  <datafield tag="856" ind1="7" ind2=" ">
    <subfield code="2">MediaArchive</subfield>
    <subfield code="u">https://mediaarchive.cern.ch/MediaArchive/Video/Public/Footage/CERN/2017/CERN-FOOTAGE-2017-033/CERN-FOOTAGE-2017-033-002/CERN-FOOTAGE-2017-033-002-posterframe-683x360-at-35-percent.jpg</subfield>
    <subfield code="x">jpgposterframe</subfield>
    <subfield code="y">posterframe 683x360 at 35 percent</subfield>
  </datafield>
  <datafield tag="856" ind1="7" ind2=" ">
    <subfield code="2">MediaArchive</subfield>
    <subfield code="u">https://mediaarchive.cern.ch/MediaArchive/Video/Public/Footage/CERN/2017/CERN-FOOTAGE-2017-033/CERN-FOOTAGE-2017-033-002/CERN-FOOTAGE-2017-033-002-posterframe-683x360-at-45-percent.jpg</subfield>
    <subfield code="x">jpgposterframe</subfield>
    <subfield code="y">posterframe 683x360 at 45 percent</subfield>
  </datafield>
  <datafield tag="856" ind1="7" ind2=" ">
    <subfield code="2">MediaArchive</subfield>
    <subfield code="u">https://mediaarchive.cern.ch/MediaArchive/Video/Public/Footage/CERN/2017/CERN-FOOTAGE-2017-033/CERN-FOOTAGE-2017-033-002/CERN-FOOTAGE-2017-033-002-posterframe-683x360-at-55-percent.jpg</subfield>
    <subfield code="x">jpgposterframe</subfield>
    <subfield code="y">posterframe 683x360 at 55 percent</subfield>
  </datafield>
  <datafield tag="856" ind1="7" ind2=" ">
    <subfield code="2">MediaArchive</subfield>
    <subfield code="u">https://mediaarchive.cern.ch/MediaArchive/Video/Public/Footage/CERN/2017/CERN-FOOTAGE-2017-033/CERN-FOOTAGE-2017-033-002/CERN-FOOTAGE-2017-033-002-posterframe-683x360-at-65-percent.jpg</subfield>
    <subfield code="x">jpgposterframe</subfield>
    <subfield code="y">posterframe 683x360 at 65 percent</subfield>
  </datafield>
  <datafield tag="856" ind1="7" ind2=" ">
    <subfield code="2">MediaArchive</subfield>
    <subfield code="u">https://mediaarchive.cern.ch/MediaArchive/Video/Public/Footage/CERN/2017/CERN-FOOTAGE-2017-033/CERN-FOOTAGE-2017-033-002/CERN-FOOTAGE-2017-033-002-posterframe-683x360-at-75-percent.jpg</subfield>
    <subfield code="x">jpgposterframe</subfield>
    <subfield code="y">posterframe 683x360 at 75 percent</subfield>
  </datafield>
  <datafield tag="856" ind1="7" ind2=" ">
    <subfield code="2">MediaArchive</subfield>
    <subfield code="u">https://mediaarchive.cern.ch/MediaArchive/Video/Public/Footage/CERN/2017/CERN-FOOTAGE-2017-033/CERN-FOOTAGE-2017-033-002/CERN-FOOTAGE-2017-033-002-posterframe-683x360-at-85-percent.jpg</subfield>
    <subfield code="x">jpgposterframe</subfield>
    <subfield code="y">posterframe 683x360 at 85 percent</subfield>
  </datafield>
  <datafield tag="856" ind1="7" ind2=" ">
    <subfield code="2">MediaArchive</subfield>
    <subfield code="u">https://mediaarchive.cern.ch/MediaArchive/Video/Public/Footage/CERN/2017/CERN-FOOTAGE-2017-033/CERN-FOOTAGE-2017-033-002/CERN-FOOTAGE-2017-033-002-posterframe-683x360-at-95-percent.jpg</subfield>
    <subfield code="x">jpgposterframe</subfield>
    <subfield code="y">posterframe 683x360 at 95 percent</subfield>
  </datafield>
  <datafield tag="856" ind1="7" ind2=" ">
    <subfield code="2">MediaArchive</subfield>
    <subfield code="u">https://mediaarchive.cern.ch/MediaArchive/Video/Public/Footage/CERN/2017/CERN-FOOTAGE-2017-033/CERN-FOOTAGE-2017-033-002/proxy-CERN-FOOTAGE-2017-033-002-posterframe-683x360-at-5-percent.jpg</subfield>
    <subfield code="x">jpgproxy-posterframe</subfield>
    <subfield code="y">proxy-posterframe 683x360 at 5 percent</subfield>
  </datafield>
  <datafield tag="856" ind1="7" ind2=" ">
    <subfield code="2">MediaArchive</subfield>
    <subfield code="u">https://mediaarchive.cern.ch/MediaArchive/Video/Public/Footage/CERN/2017/CERN-FOOTAGE-2017-033/CERN-FOOTAGE-2017-033-002/CERN-FOOTAGE-2017-033-002-thumbnail-192x101-at-5-percent.jpg</subfield>
    <subfield code="x">jpgthumbnail</subfield>
    <subfield code="y">thumbnail 192x101 at 5 percent</subfield>
  </datafield>
  <datafield tag="856" ind1="7" ind2=" ">
    <subfield code="2">MediaArchive</subfield>
    <subfield code="u">https://mediaarchive.cern.ch/MediaArchive/Video/Public/Footage/CERN/2017/CERN-FOOTAGE-2017-033/CERN-FOOTAGE-2017-033-002/CERN-FOOTAGE-2017-033-002-thumbnail-192x101-at-15-percent.jpg</subfield>
    <subfield code="x">jpgthumbnail</subfield>
    <subfield code="y">thumbnail 192x101 at 15 percent</subfield>
  </datafield>
  <datafield tag="856" ind1="7" ind2=" ">
    <subfield code="2">MediaArchive</subfield>
    <subfield code="u">https://mediaarchive.cern.ch/MediaArchive/Video/Public/Footage/CERN/2017/CERN-FOOTAGE-2017-033/CERN-FOOTAGE-2017-033-002/CERN-FOOTAGE-2017-033-002-thumbnail-192x101-at-25-percent.jpg</subfield>
    <subfield code="x">jpgthumbnail</subfield>
    <subfield code="y">thumbnail 192x101 at 25 percent</subfield>
  </datafield>
  <datafield tag="856" ind1="7" ind2=" ">
    <subfield code="2">MediaArchive</subfield>
    <subfield code="u">https://mediaarchive.cern.ch/MediaArchive/Video/Public/Footage/CERN/2017/CERN-FOOTAGE-2017-033/CERN-FOOTAGE-2017-033-002/CERN-FOOTAGE-2017-033-002-thumbnail-192x101-at-35-percent.jpg</subfield>
    <subfield code="x">jpgthumbnail</subfield>
    <subfield code="y">thumbnail 192x101 at 35 percent</subfield>
  </datafield>
  <datafield tag="856" ind1="7" ind2=" ">
    <subfield code="2">MediaArchive</subfield>
    <subfield code="u">https://mediaarchive.cern.ch/MediaArchive/Video/Public/Footage/CERN/2017/CERN-FOOTAGE-2017-033/CERN-FOOTAGE-2017-033-002/CERN-FOOTAGE-2017-033-002-thumbnail-192x101-at-45-percent.jpg</subfield>
    <subfield code="x">jpgthumbnail</subfield>
    <subfield code="y">thumbnail 192x101 at 45 percent</subfield>
  </datafield>
  <datafield tag="856" ind1="7" ind2=" ">
    <subfield code="2">MediaArchive</subfield>
    <subfield code="u">https://mediaarchive.cern.ch/MediaArchive/Video/Public/Footage/CERN/2017/CERN-FOOTAGE-2017-033/CERN-FOOTAGE-2017-033-002/CERN-FOOTAGE-2017-033-002-thumbnail-192x101-at-55-percent.jpg</subfield>
    <subfield code="x">jpgthumbnail</subfield>
    <subfield code="y">thumbnail 192x101 at 55 percent</subfield>
  </datafield>
  <datafield tag="856" ind1="7" ind2=" ">
    <subfield code="2">MediaArchive</subfield>
    <subfield code="u">https://mediaarchive.cern.ch/MediaArchive/Video/Public/Footage/CERN/2017/CERN-FOOTAGE-2017-033/CERN-FOOTAGE-2017-033-002/CERN-FOOTAGE-2017-033-002-thumbnail-192x101-at-65-percent.jpg</subfield>
    <subfield code="x">jpgthumbnail</subfield>
    <subfield code="y">thumbnail 192x101 at 65 percent</subfield>
  </datafield>
  <datafield tag="856" ind1="7" ind2=" ">
    <subfield code="2">MediaArchive</subfield>
    <subfield code="u">https://mediaarchive.cern.ch/MediaArchive/Video/Public/Footage/CERN/2017/CERN-FOOTAGE-2017-033/CERN-FOOTAGE-2017-033-002/CERN-FOOTAGE-2017-033-002-thumbnail-192x101-at-75-percent.jpg</subfield>
    <subfield code="x">jpgthumbnail</subfield>
    <subfield code="y">thumbnail 192x101 at 75 percent</subfield>
  </datafield>
  <datafield tag="856" ind1="7" ind2=" ">
    <subfield code="2">MediaArchive</subfield>
    <subfield code="u">https://mediaarchive.cern.ch/MediaArchive/Video/Public/Footage/CERN/2017/CERN-FOOTAGE-2017-033/CERN-FOOTAGE-2017-033-002/CERN-FOOTAGE-2017-033-002-thumbnail-192x101-at-85-percent.jpg</subfield>
    <subfield code="x">jpgthumbnail</subfield>
    <subfield code="y">thumbnail 192x101 at 85 percent</subfield>
  </datafield>
  <datafield tag="856" ind1="7" ind2=" ">
    <subfield code="2">MediaArchive</subfield>
    <subfield code="u">https://mediaarchive.cern.ch/MediaArchive/Video/Public/Footage/CERN/2017/CERN-FOOTAGE-2017-033/CERN-FOOTAGE-2017-033-002/CERN-FOOTAGE-2017-033-002-thumbnail-192x101-at-95-percent.jpg</subfield>
    <subfield code="x">jpgthumbnail</subfield>
    <subfield code="y">thumbnail 192x101 at 95 percent</subfield>
  </datafield>
  <datafield tag="859" ind1=" " ind2=" ">
    <subfield code="f">christoph.martin.madsen@cern.ch</subfield>
  </datafield>
  <datafield tag="937" ind1=" " ind2=" ">
    <subfield code="c">2017-07-03</subfield>
    <subfield code="s">christoph.martin.madsen@cern.ch</subfield>
  </datafield>
  <datafield tag="960" ind1=" " ind2=" ">
    <subfield code="a">85</subfield>
  </datafield>
  <datafield tag="970" ind1=" " ind2=" ">
    <subfield code="a">AVW.clip.3443</subfield>
  </datafield>
  <datafield tag="970" ind1=" " ind2=" ">
    <subfield code="d">https://videos.cern.ch/record/2272709</subfield>
  </datafield>
  <datafield tag="980" ind1=" " ind2=" ">
    <subfield code="a">PUBLVIDEORUSH</subfield>
  </datafield>
  <datafield tag="980" ind1=" " ind2=" ">
    <subfield code="b">FOOTAGEMEDIALAB</subfield>
  </datafield>
  <datafield tag="980" ind1=" " ind2=" ">
    <subfield code="c">MIGRATED</subfield>
  </datafield>
</record>

</collection>